Ligue 1 players of the 20s - Statistics

General Stats
  • This quiz has been taken 18 times
  • The average score is 231 of 1439
Answer Stats
Ranking Player Positions Nationality Matches Goals (assists) Periods Clubs % Correct
1 Jonathan David ST 178 87 (16) 2020-2025
100%
3 Amine Gouiri ST 172 57 (28) 2020-2025
80%
988 Ethan Mbappé CM 13 0 (0) 2023-2025
80%
52 Kylian Mbappé ST 129 111 (39) 2020-2024
80%
1161 Aboubacar Lô CB 6 0 (0) 2023-2024
73%
379 Kang-in Lee RW 53 9 (10) 2023-2025
73%
447 Malick Fofana LW 46 8 (5) 2023-2025
73%
887 Mamadou Fofana CB 17 0 (0) 2020-2022
73%
1295 Rayan Fofana ST 2 0 (0) 2024-2025
73%
777 Roli Pereira de Sa AM 23 0 (0) 2020-2022
73%
71 Seko Fofana CM 119 18 (11) 2020-2022, 2024-2025
73%
1213 Wesley Fofana CB 4 0 (0) 2020-2021
73%
460 Yahia Fofana GK 44 0 (0) 2022-2023, 2024-2025
73%
899 Yaya Fofana CM 16 1 (1) 2023-2025
73%
39 Youssouf Fofana DM 136 6 (13) 2020-2024
73%
15 Anthony Lopes GK 153 0 (0) 2020-2025
67%
551 Boulaye Dia ST 36 14 (1) 2020-2021
67%
1217 Brayann Pereira RB 4 0 (0) 2021-2023
67%
83 Danilo Pereira CB 109 9 (1) 2020-2024
67%
1197 Issiaga Camara CM 4 0 (0) 2024-2025
67%
914 Karamoko Dembélé AM 16 0 (0) 2022-2024
67%
312 Lamine Camara CM 60 3 (11) 2023-2025
67%
327 Lionel Messi RW 58 22 (31) 2021-2023
67%
4 Mahdi Camara CM 169 20 (13) 2020-2025
67%
1275 Mamadou Camara LW 3 0 (0) 2021-2022
67%
45 Marquinhos CB 133 12 (3) 2020-2025
67%
1130 Marquinhos RW 7 0 (1) 2023-2024
67%
40 Mathias Pereira Lage LW 135 15 (15) 2020-2025
67%
1071 Mattia Viti CB 9 1 (0) 2022-2023
67%
1207 Maxime Lopez DM 4 0 (0) 2020-2021
67%
411 Mohamed Camara DM 49 1 (5) 2022-2024
67%
241 Moussa Dembélé ST 69 25 (4) 2020-2023
67%
1003 Ousmane Camara CB 12 0 (0) 2022-2023, 2024-2025
67%
1273 Ousmane Camara ST 3 0 (0) 2022-2023
67%
353 Ousmane Dembélé RW 55 24 (18) 2023-2025
67%
128 Pau López GK 95 0 (3) 2021-2024
67%
27 Rayan Cherki RW 140 14 (27) 2020-2025
67%
304 Rony Lopes RW 60 10 (6) 2020-2021, 2022-2023
67%
1001 Siriki Dembélé LW 12 0 (0) 2022-2023
67%
161 Abdoulaye Touré DM 87 14 (3) 2020-2021, 2023-2025
60%
82 Achraf Hakimi RB 110 17 (23) 2021-2025
60%
58 Aleksandr Golovin AM 126 25 (26) 2020-2025
60%
137 Alexandre Lacazette ST 94 61 (10) 2022-2025
60%
841 Amadou Traoré RW 20 0 (1) 2020-2022
60%
116 Axel Disasi CB 99 7 (3) 2020-2023
60%
1236 Ben Hamed Touré ST 4 0 (0) 2022-2023
60%
966 Bénie Traoré LW 14 0 (1) 2023-2024
60%
8 Benjamin André DM 162 7 (8) 2020-2025
60%
438 Birama Touré DM 46 2 (0) 2022-2023, 2024-2025
60%
673 Boubacar Traoré DM 29 2 (1) 2020-2022
60%
118 Bradley Barcola LW 99 23 (28) 2021-2025
60%
401 Charles Traoré LB 50 1 (0) 2020-2023
60%
1312 Cheick Traoré RB 2 0 (0) 2020-2021
60%
162 Corentin Tolisso CM 87 10 (10) 2022-2025
60%
36 Dante CB 137 4 (5) 2020-2025
60%
1438 Daouda Traoré CM 1 0 (0) 2023-2024
60%
160 Désiré Doué RW 88 13 (14) 2022-2025
60%
338 El Bilal Touré ST 57 6 (5) 2020-2023
60%
2 Gaëtan Laborde ST 175 62 (25) 2020-2025
60%
330 Guéla Doué RB 58 1 (6) 2022-2025
60%
136 Habib Diarra CM 94 10 (9) 2021-2025
60%
114 Hamari Traoré RB 99 5 (14) 2020-2023
60%
736 Hamed Junior Traoré AM 26 10 (2) 2024-2025
60%
374 Houboulang Mendes RB 53 0 (2) 2020-2022
60%
420 Isaak Touré CB 48 2 (1) 2022-2024
60%
121 Ismaël Traoré CB 97 9 (4) 2020-2021, 2023-2024
60%
369 Keylor Navas GK 54 0 (0) 2020-2021, 2023-2024
60%
197 Maghnes Akliouche RW 78 12 (14) 2021-2025
60%
1266 Mohamed Touré ST 3 0 (0) 2022-2023
60%
19 Moses Simon LW 151 28 (33) 2020-2025
60%
457 Moussa Diarra CB 45 1 (4) 2022-2024
60%
310 Neymar AM 60 35 (23) 2020-2023
60%
185 Nuno Mendes LB 80 4 (11) 2021-2025
60%
1439 Ousmane Touré CB 1 0 (0) 2024-2025
60%
769 Pedro Mendes CB 24 2 (0) 2020-2023
60%
225 Presnel Kimpembe CB 71 1 (0) 2020-2022, 2024-2025
60%
84 Randal Kolo Muani ST 109 29 (19) 2020-2021, 2023-2025
60%
344 Stéphane Diarra RW 56 2 (1) 2020-2023
60%
144 Thiago Mendes DM 92 2 (3) 2020-2023
60%
139 Thilo Kehrer CB 93 7 (1) 2020-2021, 2023-2025
60%
965 Valentín Barco CM 14 0 (2) 2024-2025
60%
141 Vitinha CM 93 14 (8) 2022-2025
60%
606 Vitinha ST 32 5 (2) 2022-2024
60%
14 Alban Lafont GK 153 0 (0) 2020-2025
53%
922 Amin Sarr ST 16 1 (1) 2022-2024
53%
375 Ángel Di María RW 53 9 (20) 2020-2022
53%
513 Antoine Mendy RB 39 0 (1) 2022-2025
53%
784 Arial Mendy LB 23 0 (0) 2021-2023
53%
230 Aurélien Tchouaméni DM 71 5 (6) 2020-2022
53%
227 Batista Mendy DM 71 1 (1) 2020-2023
53%
928 Benjamin Mendy LB 15 2 (1) 2023-2024
53%
235 Benoît Badiashile CB 70 5 (1) 2020-2023
53%
1305 Bouna Sarr RB 2 0 (0) 2020-2021
53%
316 Burak Yılmaz ST 59 20 (8) 2020-2022
53%
37 Caio Henrique LB 136 3 (34) 2020-2025
53%
368 Damien Da Silva CB 54 4 (0) 2020-2023
53%
158 Dimitri Payet AM 88 23 (23) 2020-2023
53%
1380 Edouard Mendy GK 1 0 (0) 2020-2021
53%
276 Eliesse Ben Seghir LW 65 12 (5) 2022-2025
53%
193 Fabián Ruiz CM 78 8 (10) 2022-2025
53%
190 Folarin Balogun ST 79 32 (9) 2022-2025
53%
871 Formose Mendy CB 18 0 (0) 2023-2024
53%
95 Gianluigi Donnarumma GK 104 0 (0) 2021-2025
53%
783 Ismaïla Sarr RW 23 3 (4) 2023-2024
53%
207 Jérémy Doku LW 75 10 (7) 2020-2024
53%
105 Jonas Martin DM 101 2 (2) 2020-2025
53%
9 Jonathan Clauss RB 159 16 (41) 2020-2025
53%
165 Kevin Volland AM 86 28 (22) 2020-2023
53%
117 Lucas Chevalier GK 99 0 (0) 2022-2025
53%
163 Luis Henrique RM 87 8 (14) 2020-2021, 2023-2025
53%
572 Malang Sarr CB 34 0 (0) 2022-2023, 2024-2025
53%
678 Mamadou Sarr CB 29 0 (1) 2022-2025
53%
210 Marco Verratti CM 74 2 (4) 2020-2023
53%
29 Maxence Caqueret CM 139 5 (11) 2020-2025
53%
722 Nampalys Mendy DM 26 0 (2) 2023-2025
53%
359 Pape Matar Sarr CM 55 4 (3) 2020-2022
53%
1263 Salim Ben Seghir LW 3 0 (0) 2020-2023
53%
1069 Sidy Sarr DM 9 0 (0) 2020-2021
53%
47 Steve Mandanda GK 132 0 (1) 2020-2025
53%
187 Takumi Minamino LW 79 16 (13) 2022-2025
53%
181 Warren Zaïre-Emery CM 81 5 (5) 2022-2025
53%
31 Wissam Ben Yedder ST 138 80 (20) 2020-2024
53%
567 Abdou Diallo CB 34 0 (2) 2020-2022
47%
1383 Aboubakar Sidibé RW 1 0 (0) 2021-2022
47%
437 André Gomes CM 46 3 (2) 2022-2023, 2024-2025
47%
111 Andy Delort ST 100 39 (14) 2020-2022, 2024-2025
47%
92 Angel Gomes AM 105 4 (16) 2021-2025
47%
12 Arnaud Kalimuendo ST 156 53 (18) 2020-2025
47%
1168 Baïla Diallo LB 6 0 (0) 2022-2023
47%
85 Benjamin Lecomte GK 107 0 (1) 2020-2021, 2022-2025
47%
259 Breel Embolo ST 66 19 (7) 2022-2025
47%
103 Brice Samba GK 102 0 (0) 2022-2025
47%
204 Djibril Sidibé RB 75 0 (5) 2020-2021, 2024-2025
47%
895 Edan Diop CM 17 1 (0) 2022-2024
47%
62 Elye Wahi ST 125 44 (13) 2020-2025
47%
5 Florian Sotoca ST 169 29 (23) 2020-2025
47%
877 Gabriel Silva LB 17 0 (0) 2020-2022
47%
393 Gonçalo Ramos ST 51 21 (5) 2023-2025
47%
96 Habib Diallo ST 104 40 (6) 2020-2023
47%
543 Henrique Silva LB 36 1 (2) 2021-2024
47%
176 Houssem Aouar AM 82 14 (8) 2020-2023
47%
1178 Ibrahima Diallo DM 5 0 (0) 2020-2021
47%
501 Igor Silva RB 40 0 (0) 2021-2024
47%
689 Ismaël Diallo LB 28 0 (0) 2022-2023
47%
115 Junya Ito RW 99 13 (17) 2022-2025
47%
106 Kenny Lala RB 101 8 (9) 2020-2021, 2022-2025
47%
77 Kevin Danso CB 112 4 (6) 2021-2025
47%
54 Leonardo Balerdi CB 127 4 (2) 2020-2025
47%
122 Mohamed-Ali Cho RW 97 8 (8) 2020-2021, 2023-2025
47%
35 Nicolas Pallois CB 137 4 (3) 2020-2025
47%
900 Papa Amadou Diallo LW 16 2 (1) 2023-2024
47%
93 Quentin Merlin LB 105 4 (10) 2021-2025
47%
224 Renato Sanches CM 71 5 (8) 2020-2023
47%
1299 Saliou Diop ST 2 0 (0) 2024-2025
47%
451 Sergio Ramos CB 45 4 (1) 2021-2023
47%
132 Sinaly Diomandé CB 95 3 (2) 2020-2025
47%
65 Sofiane Diop LW 123 21 (13) 2020-2025
47%
21 Téji Savanier AM 149 36 (28) 2020-2025
47%
164 Timothy Weah RW 86 6 (7) 2020-2023
47%
41 Wahbi Khazri LW 134 23 (3) 2020-2025
47%
474 Abakar Sylla CB 43 3 (0) 2023-2025
40%
1227 Abdoulaye Sylla DM 4 0 (0) 2020-2022
40%
657 Adrien Rabiot CM 29 9 (5) 2024-2025
40%
7 Adrien Thomasson AM 165 22 (23) 2020-2025
40%
20 Adrien Truffert LB 150 7 (18) 2020-2025
40%
352 Ainsley Maitland-Niles RB 55 2 (8) 2023-2025
40%
199 Alexander Nübel GK 76 0 (0) 2021-2023
40%
559 Alexis Sánchez ST 35 14 (3) 2022-2023
40%
1129 Aliou Baldé LW 7 0 (0) 2023-2024
40%
216 Amine Harit AM 74 7 (11) 2021-2025
40%
275 Andy Diouf CM 65 2 (2) 2020-2021, 2023-2025
40%
23 Benjamin Bourigeaud CM 145 34 (34) 2020-2025
40%
242 Cengiz Ünder RW 69 15 (7) 2021-2023
40%
298 Chancel Mbemba CB 61 7 (2) 2022-2024
40%
1351 Dembo Sylla RB 1 0 (0) 2023-2024
40%
232 Denis Bouanga LW 70 16 (10) 2020-2022
40%
99 Duje Caleta-Car CB 103 5 (2) 2020-2025
40%
183 Edon Zhegrova RW 80 15 (13) 2021-2025
40%
790 Etienne Green GK 23 0 (0) 2020-2022
40%
70 Evann Guessand ST 120 22 (16) 2020-2025
40%
22 Facundo Medina CB 147 6 (8) 2020-2025
40%
1395 Florent Sanchez CM 1 0 (0) 2020-2021
40%
362 Georges Mikautadze ST 55 24 (10) 2021-2022, 2023-2025
40%
100 Guillermo Maripán CB 103 9 (1) 2020-2024
40%
387 Hugo Ekitiké ST 52 13 (8) 2020-2024
40%
1226 Ibrahima Baldé ST 4 0 (0) 2021-2022
40%
364 Idrissa Gueye DM 54 5 (2) 2020-2022
40%
152 Issiaga Sylla LB 90 4 (5) 2020-2021, 2022-2025
40%
674 João Neves DM, CM 29 3 (8) 2024-2025
40%
16 Jonathan Gradit CB 152 2 (4) 2020-2025
40%
10 Jordan Ferri CM 157 2 (10) 2020-2025
40%
133 Jordan Veretout CM 94 7 (5) 2022-2025
40%
91 José Fonte CB 105 4 (3) 2020-2023
40%
107 Karl Toko Ekambi ST 101 33 (16) 2020-2023
40%
957 Khvicha Kvaratskhelia LW 14 4 (3) 2024-2025
40%
127 Krépin Diatta RW 96 6 (5) 2020-2025
40%
504 Lamine Gueye RW 40 3 (7) 2020-2022
40%
43 Lilian Brassier CB 134 6 (2) 2020-2025
40%
467 Lucas Hernández LB 43 1 (2) 2023-2025
40%
589 Lucas Perri GK 33 0 (0) 2024-2025
40%
6 Ludovic Blas RW 166 37 (24) 2020-2025
40%
25 Mama Baldé ST 142 26 (13) 2020-2025
40%
456 Mamadou Sakho CB 45 1 (0) 2021-2024
40%
28 Marco Bizot GK 139 0 (1) 2021-2025
40%
78 Martin Terrier LW 111 46 (18) 2020-2024
40%
574 Mason Greenwood RW 34 21 (6) 2024-2025
40%
297 M'Baye Niang ST 61 10 (0) 2020-2023
40%
265 Nayef Aguerd CB 66 5 (4) 2020-2022
40%
340 Nemanja Matic DM 57 0 (1) 2023-2025
40%
850 Nicolas Pépé RW 19 6 (1) 2022-2023
40%
174 Nicolás Tagliafico LB 83 7 (8) 2022-2025
40%
1147 Nolan Mbemba DM 6 1 (0) 2023-2024
40%
153 Pape Gueye DM 89 4 (2) 2020-2024
40%
18 Pedro Chirivella DM 151 4 (6) 2020-2025
40%
575 Pierre-Emerick Aubameyang ST 34 17 (8) 2023-2024
40%
81 Pierre Lees-Melou DM 110 15 (9) 2020-2021, 2022-2025
40%
46 Romain Del Castillo RW 133 20 (31) 2020-2025
40%
280 Romain Thomas CB 64 6 (0) 2020-2022
40%
67 Ruben Aguilar RB 122 3 (12) 2020-2025
40%
750 Sorba Thomas RW 25 1 (3) 2024-2025
40%
34 Terem Moffi ST 138 52 (12) 2020-2025
40%
633 Thierno Baldé RB 31 0 (2) 2022-2023
40%
51 Valentin Rongier CM 129 5 (6) 2020-2025
40%
206 Walter Benítez GK 75 0 (0) 2020-2022
40%
1329 Yannis M'Bemba CB 2 0 (0) 2021-2022
40%
109 Yehvann Diouf GK 101 0 (0) 2020-2021, 2022-2025
40%
1230 Abdoulaye Bakayoko CB 4 0 (0) 2021-2022
33%
269 Abdoulaye Bamba CB 66 0 (0) 2020-2022, 2024-2025
33%
1400 Abdoulaye Coulibaly LW 1 0 (0) 2020-2021
33%
348 Abdoul Kader Bamba RW 56 5 (2) 2020-2021, 2022-2024
33%
1032 Aboubakar Kamara ST 10 1 (0) 2020-2021
33%
471 Andrey Santos CM 43 11 (4) 2023-2025
33%
32 Angelo Fulgini AM 138 15 (11) 2020-2025
33%
26 Arnaud Nordin RW 140 27 (19) 2020-2025
33%
208 Azzedine Ounahi CM 75 5 (2) 2021-2024
33%
157 Bamba Dieng ST 89 18 (6) 2020-2025
33%
75 Baptiste Santamaria DM 115 4 (4) 2020-2025
33%
974 Bingourou Kamara GK 13 0 (0) 2020-2021, 2022-2023
33%
244 Boubacar Kamara DM 69 1 (3) 2020-2022
33%
13 Brendan Chardonnet CB 155 8 (2) 2020-2025
33%
329 Castello Lukeba CB 58 4 (0) 2021-2023
33%
267 Christopher Wooh CB 66 1 (3) 2021-2025
33%
331 Clinton Mata CB 57 0 (7) 2023-2025
33%
87 David Da Costa AM 107 9 (13) 2020-2025
33%
108 Deiver Machado LB 101 9 (8) 2021-2025
33%
510 Eduardo Camavinga CM 39 1 (2) 2020-2022
33%
358 Emanuel Emegha ST 55 22 (5) 2023-2025
33%
48 Enzo Le Fée CM 132 7 (14) 2020-2024
33%
57 Florent Mollet AM 126 14 (14) 2020-2025
33%
189 Gabriel Suazo LB 79 0 (11) 2022-2025
33%
270 Gaël Kakuta AM 66 14 (7) 2020-2023
33%
195 Gideon Mensah LB 78 0 (3) 2021-2022, 2024-2025
33%
970 Glen Kamara CM 13 0 (1) 2024-2025
33%
287 Guillaume Restes GK 63 0 (1) 2023-2025
33%
425 Hassane Kamara LB 47 2 (1) 2020-2022
33%
613 Hatem Ben Arfa AM 31 2 (6) 2020-2022
33%
30 Hicham Boudaoui CM 139 11 (11) 2020-2025
33%
295 Himad Abdelli AM 62 8 (3) 2022-2023, 2024-2025
33%
33 Hugo Magnetti CM 138 4 (3) 2020-2025
33%
1060 Ibrahim Mbaye RW 9 1 (1) 2024-2025
33%
24 Jean-Charles Castelletto CB 142 4 (0) 2020-2025
33%
76 Jean-Clair Todibo CB 115 2 (2) 2020-2024
33%
66 Jim Allevinah RW 123 5 (9) 2021-2025
33%
101 Jonathan Bamba LW 103 13 (19) 2020-2023
33%
64 Jordan Lotomba RB 123 2 (2) 2020-2025
33%
11 Joris Chotard DM 157 2 (10) 2020-2025
33%
482 Julian Draxler LW 42 6 (4) 2020-2022
33%
517 Kalifa Coulibaly ST 38 8 (1) 2020-2022
33%
53 Khéphren Thuram CM 127 9 (8) 2020-2024
33%
665 Lassana Coulibaly CM 29 1 (1) 2020-2021
33%
1261 Lasso Coulibaly RW 3 1 (0) 2024-2025
33%
42 Laurent Abergel DM 134 5 (5) 2020-2024
33%
521 Loïs Openda ST 38 21 (4) 2022-2023
33%
529 Lucas Beraldo CB 38 2 (0) 2023-2025
33%
74 Ludovic Ajorque ST 115 42 (14) 2020-2022, 2024-2025
33%
1188 Malick Mbaye RW 5 0 (0) 2023-2024
33%
1162 Mamadou Coulibaly CM 6 0 (0) 2023-2025
33%
222 Marcin Bulka GK 72 0 (0) 2020-2025
33%
616 Marco Asensio AM 31 6 (9) 2023-2025
33%
49 Marshall Munetsi CM 131 21 (12) 2020-2025
33%
218 Mattéo Guendouzi CM 73 6 (12) 2021-2024
33%
112 Matz Sels GK 100 0 (0) 2020-2024
33%
38 Melvin Bard LB 136 5 (6) 2020-2025
33%
399 Mitchel Bakker LB 50 3 (4) 2020-2021, 2024-2025
33%
921 Mohamed Bamba ST 16 8 (3) 2023-2024
33%
1297 Mohamed Bamba DM 2 0 (0) 2024-2025
33%
142 Mohamed Bayo ST 93 25 (7) 2021-2025
33%
283 Montassar Talbi CB 63 1 (2) 2022-2024
33%
271 Morgan Sanson CM 65 8 (8) 2020-2021, 2022-2025
33%
172 Nabil Bentaleb DM 84 6 (7) 2021-2025
33%
1300 Noham Kamara CB 2 0 (0) 2024-2025
33%
587 Nuno Da Costa ST 33 5 (4) 2022-2023
33%
60 Pablo Rosario DM 126 3 (5) 2021-2025
33%
221 Pol Lirola RB 72 4 (6) 2020-2021, 2024-2025
33%
68 Przemyslaw Frankowski RB 122 18 (12) 2021-2025
33%
44 Romain Faivre RM 134 29 (17) 2020-2025
33%
1428 Royce Openda LW 1 0 (0) 2023-2024
33%
809 Senou Coulibaly CB 22 2 (0) 2020-2021
33%
1128 Soumaïla Coulibaly CB 7 0 (1) 2024-2025
33%
293 Sven Botman CB 62 3 (1) 2020-2022
33%
495 Tanguy Coulibaly RW 41 4 (1) 2023-2025
33%
668 Tanguy Ndombélé CM 29 1 (4) 2021-2022, 2024-2025
33%
245 Thijs Dallinga ST 69 26 (4) 2022-2024
33%
833 Tiemoué Bakayoko DM 20 2 (0) 2023-2024
33%
168 Tino Kadewere ST 85 13 (5) 2020-2021, 2023-2025
33%
123 Vanderson RB 97 7 (9) 2021-2025
33%
347 William Saliba CB 56 1 (0) 2020-2022
33%
698 Willian Pacho CB 28 0 (1) 2024-2025
33%
318 Youcef Atal RB 59 5 (2) 2020-2024
33%
349 Youssouf Ndayishimiye CB 56 4 (0) 2022-2025
33%
17 Yunis Abdelhamid CB 151 10 (2) 2020-2025
33%
194 Yusuf Yazıcı AM 78 14 (8) 2020-2024
33%
273 Ado Onaiwu ST 65 6 (2) 2022-2023, 2024-2025
27%
263 Akim Zedadka RB 66 1 (3) 2021-2023
27%
146 Alexander Djiku CB 92 2 (2) 2020-2023
27%
154 Alexandre Oukidja GK 89 0 (0) 2020-2021, 2023-2024
27%
182 Alexis Claude-Maurice AM 80 9 (10) 2020-2024
27%
605 Amadou Onana DM 32 1 (0) 2021-2022
27%
406 Ander Herrera CM 50 4 (5) 2020-2022
27%
321 Aron Dønnum LM 59 2 (5) 2023-2025
27%
282 Arthur Theate CB 63 6 (0) 2022-2024
27%
73 Azor Matusiwa DM 116 3 (5) 2021-2025
27%
286 Badredine Bouanani RW 63 4 (7) 2022-2025
27%
170 Bafodé Diakité CB 85 12 (3) 2022-2025
27%
175 Benoît Costil GK 82 0 (0) 2020-2023
27%
180 Bradley Locko LB 81 1 (4) 2021-2025
27%
526 Bruno Ecuele Manga CB 38 2 (0) 2020-2021
27%
377 Bruno Guimarães DM 53 3 (5) 2020-2022
27%
400 Carlos Soler CM 50 5 (5) 2022-2024
27%
1079 Check Keita CB 9 0 (0) 2022-2023
27%
392 Denis Zakaria DM 51 10 (4) 2023-2025
27%
868 Didier Lamkel Zé LW 18 4 (0) 2021-2022, 2023-2024
27%
209 Emmanuel Agbadou CB 75 1 (4) 2022-2025
27%
693 Estéban Lepaul ST 28 9 (0) 2024-2025
27%
159 Fabien Centonze RB 88 5 (1) 2020-2025
27%
102 Gabriel Gudmundsson LB 103 4 (1) 2021-2025
27%
226 Gaëtan Perrin RW 71 13 (12) 2022-2023, 2024-2025
27%
243 Gautier Larsonneur GK 69 0 (0) 2020-2021, 2024-2025
27%
260 Gelson Martins RW 66 7 (7) 2020-2023
27%
389 Geoffrey Kondogbia DM 51 0 (0) 2023-2025
27%
631 Habib Keïta CM 31 1 (0) 2020-2021, 2023-2024
27%
56 Haris Belkebla CM 126 2 (1) 2020-2022, 2024-2025
27%
845 Herba Guirassy LW 19 2 (0) 2024-2025
27%
1081 Ibrahim Diakité RB 9 0 (0) 2021-2024
27%
140 Irvin Cardona ST 93 17 (7) 2020-2022, 2024-2025
27%
439 Jason Denayer CB 46 4 (1) 2020-2022
27%
80 Jean-Eudes Aholou DM 110 8 (4) 2020-2022, 2024-2025
27%
339 Jean Onana DM 57 4 (2) 2021-2024
27%
1301 Jesé LW 2 0 (0) 2020-2021
27%
251 Jubal CB 67 9 (2) 2022-2023, 2024-2025
27%
156 Kamory Doumbia AM 89 13 (10) 2021-2025
27%
391 Kasper Dolberg ST 51 12 (4) 2020-2022
27%
335 Keito Nakamura LW 57 15 (3) 2023-2025
27%
124 Kévin Gameiro ST 96 25 (7) 2021-2024
27%
256 Lassine Sinayoko ST 67 6 (12) 2022-2023, 2024-2025
27%
830 Layvin Kurzawa LB 20 1 (2) 2020-2021, 2023-2024
27%
506 Leandro Paredes DM 39 2 (5) 2020-2023
27%
306 Léo Dubois RB 60 2 (6) 2020-2022
27%
524 Logan Costa CB 38 1 (1) 2022-2025
27%
294 Lovro Majer AM 62 8 (14) 2021-2024
27%
254 Lucas Paquetá AM 67 18 (11) 2020-2023
27%
130 Lucas Perrin CB 95 2 (3) 2020-2024
27%
69 Massadio Haïdara LB 121 3 (6) 2020-2025
27%
135 Matthis Abline ST 94 17 (5) 2020-2025
27%
1033 Matvey Safonov GK 10 0 (0) 2024-2025
27%
462 Mauro Icardi ST 44 11 (4) 2020-2022
27%
531 Memphis Depay ST 37 20 (12) 2020-2021
27%
919 Mika Biereth ST 16 13 (2) 2024-2025
27%
252 Mory Diaw GK 67 0 (0) 2022-2024
27%
131 Mostafa Mohamed ST 95 21 (6) 2022-2025
27%
710 Moussa Doumbia LW 27 0 (1) 2020-2022
27%
79 Nicolas Cozza LB 111 5 (4) 2020-2025
27%
371 Oumar Diakité ST 54 9 (2) 2023-2025
27%
470 Pablo Sarabia RW 43 7 (4) 2020-2023
27%
120 Paul Bernardoni GK 97 0 (0) 2020-2023
27%
490 Philipp Köhn GK 41 0 (0) 2023-2025
27%
205 Predrag Rajković GK 75 0 (0) 2020-2022
27%
1138 Quentin Bernard LB 7 0 (1) 2022-2023
27%
961 Rafiki Saïd LW 14 0 (0) 2021-2022
27%
1152 Raphinha LW 6 1 (2) 2020-2021
27%
215 Rasmus Nicolaisen CB 74 2 (3) 2022-2025
27%
151 Rémy Cabella AM 90 10 (15) 2021-2025
27%
145 Renaud Ripart RW 92 17 (4) 2020-2023
27%
237 Romain Hamouma RW 70 10 (5) 2020-2023
27%
322 Sékou Mara ST 59 8 (3) 2020-2021, 2024-2025
27%
702 Senny Mayulu CM 28 2 (3) 2023-2025
27%
272 Serhou Guirassy ST 65 19 (1) 2020-2023
27%
192 Souleyman Doumbia LB 78 0 (3) 2020-2023
27%
148 Stephy Mavididi LW 91 21 (5) 2020-2023
27%
61 Steve Mounié ST 125 30 (8) 2020-2024
27%
290 Stijn Spierings CM 62 2 (2) 2022-2024
27%
292 Thibault De Smet LB 62 0 (2) 2020-2021, 2022-2025
27%
113 Thomas Delaine LB 99 5 (7) 2020-2025
27%
637 Thomas Meunier RB 30 2 (0) 2024-2025
27%
554 Tiago Santos RB 36 1 (3) 2023-2025
27%
337 Timothée Pembélé RB 57 3 (2) 2020-2022, 2024-2025
27%
585 Ulisses Garcia LB 33 2 (3) 2023-2025
27%
214 Vincent Sierro CM 74 11 (3) 2022-2025
27%
202 Warmed Omari CB 76 1 (0) 2021-2025
27%
138 Wesley Saïd ST 93 20 (3) 2021-2025
27%
1127 Xavi Simons AM 7 0 (0) 2020-2022
27%
1191 Yadaly Diaby LW 5 0 (0) 2021-2022
27%
285 Yassine Kechta CM 63 4 (2) 2023-2025
27%
351 Yvon Mvogo GK 55 0 (0) 2022-2024
27%
200 Zakaria Aboukhlal RW 76 20 (9) 2022-2025
27%
810 Abdoulaye Ndiaye CB 22 1 (0) 2024-2025
20%
1109 Abdoul Koné CB 7 0 (1) 2023-2025
20%
897 Abdoul Ouattara RW 17 1 (1) 2024-2025
20%
430 Akor Adams ST 47 11 (4) 2023-2025
20%
1358 Alejandro Gomes Rodríguez ST 1 0 (0) 2024-2025
20%
186 Alexsandro CB 80 4 (1) 2022-2025
20%
383 Alfred Gomis GK 52 0 (0) 2020-2022
20%
171 Alidu Seidu CB 85 0 (1) 2021-2025
20%
1044 Alpha Sissoko RB 10 0 (0) 2020-2022
20%
516 Álvaro González CB 38 2 (3) 2020-2022
20%
497 Amadou Koné DM 40 0 (0) 2023-2025
20%
441 Amir Murillo RB 46 4 (5) 2023-2025
20%
498 Arkadiusz Milik ST 40 16 (3) 2020-2023
20%
448 Arouna Sangante CB 46 3 (0) 2023-2025
20%
1192 Bassirou N'Diaye ST 5 0 (0) 2023-2024
20%
250 Billal Brahimi LW 68 3 (4) 2021-2025
20%
604 Boubakary Soumaré DM 32 0 (1) 2020-2021
20%
896 Carlos Andrés Gómez RW 17 3 (0) 2024-2025
20%
289 Cédric Hountondji CB 62 1 (0) 2021-2022, 2024-2025
20%
255 Cheick Doucouré DM 67 3 (5) 2020-2022
20%
499 Corentin Jean ST 40 2 (3) 2020-2022
20%
478 Daler Kuzyaev CM 42 3 (2) 2023-2025
20%
472 Dango Ouattara LW 43 7 (8) 2021-2023
20%
1322 Dany Jean LW 2 0 (0) 2022-2023
20%
579 Darío Benedetto ST 34 5 (3) 2020-2022
20%
119 Dennis Appiah RB 98 0 (4) 2020-2022, 2024-2025
20%
219 Dilane Bakwa RW 73 9 (15) 2020-2021, 2023-2025
20%
249 Dylan Bronn CB 68 3 (2) 2020-2022
20%
277 Enzo Tchato RB 65 1 (1) 2022-2025
20%
188 Falaye Sacko RB 79 1 (5) 2021-2025
20%
248 Farid El Melali LW 68 3 (7) 2020-2022, 2024-2025
20%
240 Florian Tardieu CM 69 9 (6) 2021-2022, 2024-2025
20%
542 Florian Thauvin CF 36 8 (8) 2020-2021
20%
1048 Fodé Doucouré RB 10 0 (0) 2020-2022
20%
98 Franck Honorat RW 103 25 (16) 2020-2023
20%
311 Frank Magri ST 60 10 (3) 2023-2025
20%
288 Gauthier Gallon GK 62 0 (0) 2021-2022, 2024-2025
20%
291 Gautier Lloris CB 62 4 (1) 2023-2025
20%
568 Gerónimo Rulli GK 34 0 (0) 2024-2025
20%
453 Gerson CM 45 11 (7) 2021-2023
20%
395 Hákon Arnar Haraldsson AM 51 7 (3) 2023-2025
20%
624 Han-Noah Massengo CM 31 0 (1) 2022-2023, 2024-2025
20%
676 Hiroki Sakai RB 29 0 (1) 2020-2021
20%
1057 Ibou Sané ST 9 1 (0) 2023-2024
20%
367 Ibrahima Koné ST 54 12 (2) 2021-2024
20%
201 Ibrahima Niane ST 76 14 (2) 2020-2022, 2024-2025
20%
63 Ibrahima Sissoko DM 124 2 (9) 2020-2024
20%
839 Ibrahim Sissoko ST 20 3 (1) 2024-2025
20%
653 Iliman Ndiaye LW 30 3 (5) 2023-2024
20%
436 Islam Slimani ST 46 5 (3) 2020-2023
20%
177 Ismaël Doukouré CB 82 2 (2) 2021-2025
20%
828 Ismaël Koné CM 21 2 (1) 2024-2025
20%
173 Ismail Jakobs LB 84 1 (6) 2021-2025
20%
239 Ismaily LB 69 3 (4) 2022-2025
20%
381 Issa Kaboré RB 53 1 (2) 2021-2023
20%
550 Issa Soumaré LW 36 5 (4) 2023-2025
20%
1030 Jean-Kévin Augustin ST 10 0 (0) 2020-2022
20%
261 Jean-Louis Leca GK 66 0 (0) 2020-2024
20%
328 Jean Lucas CM 58 1 (4) 2020-2023
20%
612 Jérémie Bela LW 31 1 (1) 2022-2024
20%
408 Jérémie Boga LW 49 7 (7) 2023-2025
20%
601 Jérôme Boateng CB 32 0 (1) 2021-2023
20%
150 Johan Gastien DM 91 4 (4) 2021-2024
20%
268 Johann Lepenant DM 66 3 (3) 2022-2025
20%
356 Jonathan Ikoné RW 55 5 (5) 2020-2022
20%
699 Jonathan Rowe LW 28 3 (3) 2024-2025
20%
434 Juan Bernat LB 46 1 (4) 2020-2023
20%
1028 Juma Bah CB 10 0 (0) 2024-2025
20%
475 Junior Mwanga DM 42 2 (3) 2021-2022, 2023-2025
20%
946 Junior Ndiaye ST 15 0 (0) 2024-2025
20%
740 Kassoum Ouattara LB 26 1 (1) 2023-2025
20%
1021 Kevin Strootman CM 11 0 (0) 2020-2021
20%
94 Kiki Kouyaté CB 104 2 (2) 2020-2025
20%
940 Lamine Koné CB 15 1 (0) 2020-2021
20%
449 Leny Yoro CB 46 2 (0) 2021-2024
20%
196 Lorenz Assignon RB 78 4 (9) 2021-2025
20%
1276 Mahamadou Doucouré ST 3 0 (0) 2020-2021
20%
380 Malo Gusto RB 53 0 (5) 2020-2023
20%
435 Mario Lemina DM 46 2 (0) 2021-2023
20%
361 Martín Satriano ST 55 8 (4) 2021-2022, 2023-2025
20%
1232 Massamba N'Diaye GK 4 0 (0) 2023-2024
20%
402 Mathieu Cafaro RW 50 5 (2) 2020-2021, 2024-2025
20%
444 Maxime Gonalons DM 46 2 (0) 2022-2024
20%
346 Mickaël Nadé CB 56 2 (3) 2021-2022, 2024-2025
20%
515 Mike Maignan GK 38 0 (0) 2020-2021
20%
658 Milan Škriniar CB 29 0 (0) 2023-2025
20%
590 Moussa Koné ST 33 9 (0) 2020-2021
20%
345 Moussa Sissoko CM 56 2 (0) 2022-2024
20%
385 Myron Boadu ST 52 8 (1) 2021-2024
20%
246 Nathanaël Mbuku LW 69 6 (3) 2020-2023
20%
303 Nicolas de Préville ST 60 6 (4) 2020-2022
20%
558 Nordi Mukiele RB 35 0 (3) 2022-2024
20%
646 Oumar Gonzalez CB 30 0 (0) 2022-2023
20%
1116 Pablo Martínez CB 7 0 (1) 2020-2021
20%
1199 Pape Sissoko ST 4 0 (0) 2024-2025
20%
86 Pierrick Capelle CM 107 3 (8) 2020-2022, 2024-2025
20%
445 Rassoul Ndiaye DM 46 1 (1) 2023-2025
20%
422 Reinildo Mandava LB 47 1 (0) 2020-2022
20%
583 Riad Nouri RW 33 1 (1) 2022-2023
20%
949 Sadibou Sané CB 14 0 (0) 2023-2024
20%
213 Saîf-Eddine Khaoui AM 74 10 (6) 2020-2023
20%
149 Salis Abdul Samed DM 91 2 (1) 2021-2024
20%
1097 Sambou Sissoko DM 8 0 (0) 2021-2022
20%
147 Samuel Moutoussamy CM 92 1 (4) 2020-2024
20%
1330 Sékou Doucouré CB 2 0 (0) 2024-2025
20%
1008 Sergio Rico GK 11 0 (0) 2020-2022
20%
794 Siriné Doucouré ST 23 1 (5) 2022-2024
20%
72 Thomas Foket RB 117 1 (6) 2020-2024
20%
247 Ui-jo Hwang ST 68 23 (5) 2020-2022
20%
155 Valère Germain ST 89 9 (4) 2020-2023
20%
324 Warren Kamanzi RB 59 1 (4) 2022-2025
20%
386 Wilfried Singo CB 52 2 (3) 2023-2025
20%
278 Xeka CM 64 4 (3) 2020-2023
20%
1255 Yahya Soumaré RW 3 0 (0) 2020-2021
20%
336 Yann Gboho LW 57 8 (8) 2020-2021, 2023-2025
20%
1394 Yann M'Vila DM 1 0 (0) 2020-2021
20%
125 Yoann Salmier CB 96 2 (2) 2021-2025
20%
541 Youcef Belaïli LW 36 9 (7) 2021-2023
20%
569 Youssouf Koné LB 34 0 (1) 2021-2023
20%
299 Zeki Çelik RB 61 5 (6) 2020-2022
20%
334 Zinedine Ferhat RW 57 8 (10) 2020-2021, 2024-2025
20%
302 Abdallah Sima LW 61 12 (4) 2022-2023, 2024-2025
13%
770 Abdukodir Khusanov CB 24 0 (0) 2023-2025
13%
384 Adrian Grbic ST 52 5 (0) 2020-2024
13%
365 Adrien Hunou ST 54 8 (3) 2020-2021, 2022-2023
13%
357 Aïmen Moueffek CM 55 0 (1) 2020-2021, 2024-2025
13%
812 Alessandro Florenzi RB 21 2 (1) 2020-2021
13%
694 Anass Zaroury LW 28 2 (3) 2024-2025
13%
443 André Ayew ST 46 9 (1) 2023-2025
13%
376 Andy Pelmard CB 53 0 (0) 2020-2021, 2023-2024
13%
1393 Ansou Sow ST 1 0 (0) 2020-2021
13%
266 Arthur Desmas GK 66 0 (0) 2021-2022, 2023-2025
13%
802 Assane Dioussé DM 22 0 (0) 2020-2021, 2024-2025
13%
458 Bamo Meïté CB 45 1 (0) 2022-2025
13%
1043 Bandiougou Fadiga AM 10 0 (0) 2020-2021
13%
1352 Beres Owusu CB 1 0 (0) 2024-2025
13%
842 Bilal Nadir CM 20 1 (0) 2023-2025
13%
167 Birger Meling LB 85 2 (8) 2020-2024
13%
556 Branco van den Boomen CM 35 5 (8) 2022-2023
13%
1221 Charles Boli RW 4 0 (0) 2021-2022
13%
680 Cheick Oumar Konaté RB 28 1 (1) 2022-2024
13%
485 Christian Mawissa CB 41 2 (0) 2022-2025
13%
635 Clément Akpa CB 31 0 (1) 2024-2025
13%
410 Colin Dagba RB 49 1 (1) 2020-2023
13%
279 Cristian Cásseres Jr. CM 64 2 (6) 2023-2025
13%
1296 Darryl Bakola AM 2 0 (0) 2024-2025
13%
715 Dejan Lovren CB 27 1 (0) 2022-2024
13%
817 Derek Cornelius CB 21 0 (0) 2024-2025
13%
511 Diego Moreira LM 39 2 (7) 2023-2025
13%
129 Dimitri Liénard CM 95 4 (9) 2020-2023
13%
924 Djaoui Cissé CM 16 1 (0) 2023-2025
13%
372 Douglas Augusto CM 53 4 (2) 2023-2025
13%
849 Edimilson Fernandes DM 19 0 (1) 2024-2025
13%
967 Eliaquim Mangala CB 14 1 (0) 2021-2022
13%
690 Elisha Owusu DM 28 1 (3) 2024-2025
13%
881 Eric Bailly CB 17 0 (0) 2022-2023
13%
388 Ernest Nuamah RW 52 6 (3) 2023-2025
13%
405 Étienne Youté Kinkoué CB 50 0 (0) 2023-2025
13%
360 Fábio RB 55 0 (3) 2020-2023
13%
317 Faitout Maouassa LB 59 5 (6) 2020-2021, 2022-2024
13%
332 Farid Boulaya AM 57 10 (10) 2020-2022
13%
496 Félix Lemaréchal AM 41 4 (3) 2021-2022, 2024-2025
13%
178 Flavien Tait CM 81 8 (9) 2020-2023
13%
735 Florian Ayé ST 26 2 (0) 2024-2025
13%
126 Frédéric Guilbert RB 96 3 (9) 2020-2024
13%
557 Gauthier Hein RW 35 2 (0) 2022-2023
13%
416 Gédéon Kalulu RB 48 0 (5) 2022-2024
13%
622 Georginio Wijnaldum CM 31 1 (3) 2021-2022
13%
319 Ghislain Konan LB 59 3 (4) 2020-2022
13%
198 Grejohn Kyei ST 77 12 (6) 2021-2024
13%
729 Hans Hateboer RB 26 0 (0) 2024-2025
13%
1211 Heri Tavares RW 4 0 (0) 2020-2021
13%
1179 Hervé Koffi GK 5 0 (0) 2024-2025
13%
421 Ibrahim Salah LW 48 5 (2) 2022-2025
13%
110 Ignatius Ganago ST 101 17 (7) 2020-2025
13%
634 Ilan Kebbal AM 31 1 (4) 2021-2022
13%
999 Ismaël Bennacer DM 12 0 (2) 2024-2025
13%
814 Ivo Grbic GK 21 0 (0) 2021-2022
13%
59 Jean-Kévin Duverne CB 126 2 (5) 2020-2025
13%
55 Jérémy Le Douaron ST 127 20 (9) 2020-2025
13%
534 Jérémy Morel LB 37 0 (0) 2020-2022
13%
994 Joaquín Correa CF 12 0 (0) 2023-2024
13%
212 Jonas Omlin GK 74 0 (0) 2020-2023
13%
544 Jordan Amavi LB 36 2 (0) 2020-2021, 2023-2025
13%
469 Joseph Okumu CB 43 2 (0) 2023-2025
13%
341 Josué Casimir RW 57 4 (12) 2023-2025
13%
90 Julien Laporte CB 106 2 (0) 2020-2024
13%
540 Kasper Schmeichel GK 36 0 (0) 2022-2023
13%
1368 Kenny Tete RB 1 0 (0) 2020-2021
13%
792 Kévin Danois CM 23 0 (0) 2022-2023, 2024-2025
13%
538 Laurent Koscielny CB 37 0 (3) 2020-2022
13%
417 Lebo Mothiba ST 48 8 (0) 2021-2024
13%
909 Leo Ostigard CB 16 1 (0) 2024-2025
13%
373 Léo Pétrot LB 53 1 (3) 2021-2022, 2024-2025
13%
432 Lesley Ugochukwu DM 47 1 (1) 2020-2023
13%
313 Loïc Nego RB 59 0 (6) 2023-2025
13%
772 Louis Mouton CM 24 0 (1) 2024-2025
13%
573 Luan Peres CB 34 0 (2) 2021-2022
13%
1123 Luis Suárez ST 7 3 (1) 2022-2023
13%
1202 Manuel Perez DM 4 0 (0) 2020-2021
13%
751 Manuel Ugarte DM 25 0 (3) 2023-2024
13%
1364 Marçal LB 1 0 (0) 2020-2021
13%
429 Marcelo CB 47 3 (0) 2020-2022
13%
50 Marcus Coco LW 130 3 (4) 2020-2025
13%
1076 Marley Aké LW 9 0 (0) 2020-2021
13%
253 Matthieu Udol LB 67 4 (6) 2020-2021, 2023-2024
13%
461 Maxime Busi RB 44 1 (1) 2021-2024
13%
533 Maxwel Cornet LW 37 2 (5) 2020-2022
13%
281 Mihailo Ristic LB 63 1 (5) 2020-2022
13%
502 Modibo Sagnan CB 40 4 (0) 2023-2025
13%
991 Mohamed Kader Meïté ST 12 2 (0) 2024-2025
13%
651 Mohamed Youssouf RB 30 0 (0) 2022-2023
13%
733 Moise Kean ST 26 13 (0) 2020-2021
13%
378 Mousa Tamari RW 53 8 (5) 2023-2025
13%
707 Moussa Konaté ST 27 5 (1) 2020-2021
13%
231 Muhammed Cham AM 71 15 (8) 2022-2024
13%
611 Nathan Zézé CB 32 0 (0) 2022-2025
13%
1049 N'Dri Koffi ST 10 1 (0) 2021-2022
13%
412 Neil El Aynaoui CM 49 9 (4) 2023-2025
13%
798 Ngal'ayel Mukau DM 22 0 (1) 2024-2025
13%
821 Noah Fadiga RB 21 1 (0) 2022-2023
13%
623 Nuno Tavares LB 31 6 (0) 2022-2023
13%
1064 Orel Mangala DM 9 2 (0) 2023-2025
13%
654 Oussama Targhalline DM 30 0 (0) 2021-2022, 2023-2025
13%
1271 Pablo Pagis ST 3 0 (0) 2023-2024
13%
955 Pape Abou Cissé CB 14 0 (0) 2020-2021
13%
640 Pierre-Emile Højbjerg DM 30 2 (4) 2024-2025
13%
1294 Robinio Vaz ST 2 0 (1) 2024-2025
13%
1089 Rubén Blanco GK 8 0 (0) 2022-2024
13%
835 Ruslan Malinovskyi AM 20 1 (1) 2022-2023
13%
738 Sacha Boey RB 26 0 (1) 2020-2021
13%
220 Sada Thioub RW 72 2 (4) 2020-2023
13%
396 Saël Kumbedi RB 51 0 (4) 2022-2025
13%
325 Saïdou Sow CB 59 3 (3) 2020-2021, 2023-2025
13%
423 Samuel Gigot CB 47 5 (2) 2022-2024
13%
620 Samuel Kalu RW 31 5 (2) 2020-2022
13%
433 Sead Kolasinac CB 47 4 (2) 2021-2023
13%
1139 Sidiki Chérif ST 7 0 (0) 2024-2025
13%
343 Sofiane Boufal LW 56 13 (8) 2020-2023
13%
1328 Souleymane Cissé CB 2 0 (0) 2022-2023
13%
576 Steven Nzonzi DM 34 1 (1) 2020-2021
13%
455 Teddy Teuma CM 45 7 (3) 2023-2025
13%
734 Tetê RW 26 8 (8) 2021-2023
13%
342 Théo Le Bris LM 57 2 (4) 2021-2024
13%
233 Tiago Djaló CB 70 3 (2) 2020-2023
13%
561 Tom Louchet RM 35 2 (2) 2023-2025
13%
1224 Valentín Carboni AM 4 0 (0) 2024-2025
13%
88 Vincent Le Goff LB 106 2 (2) 2020-2024
13%
217 Wout Faes CB 73 5 (0) 2020-2023
13%
104 Xavier Chavalerin CM 101 9 (7) 2020-2023
13%
228 Yacine Adli DM 71 3 (13) 2020-2022
13%
968 Yaël Mouanga CB 14 0 (0) 2024-2025
13%
1337 Yoann Cissé LM 2 0 (0) 2024-2025
13%
143 Yohann Magnin DM 93 2 (1) 2021-2024
13%
1398 Yohann Pelé GK 1 0 (0) 2020-2021
13%
758 Yuto Nagatomo LB 25 0 (1) 2020-2021
13%
428 Yvan Neyou DM 47 1 (2) 2020-2022
13%
320 Zaydou Youssouf CM 59 2 (1) 2020-2022
13%
892 Zinédine Ould Khaled DM 17 0 (0) 2020-2021, 2022-2023, 2024-2025
13%
717 Aaron Ramsey CM 27 1 (2) 2022-2023
7%
1045 Abdeldjalil Medioub CB 10 0 (0) 2021-2022
7%
855 Abner LB 19 1 (1) 2024-2025
7%
1053 Aboubacar Ali LW 9 0 (1) 2023-2024
7%
523 Adam Ounas RW 38 2 (2) 2022-2024
7%
537 Adil Rami CB 37 3 (1) 2021-2023
7%
771 Aïssa Mandi CB 24 0 (0) 2024-2025
7%
848 Aiyegun Tosin ST 19 2 (1) 2023-2024
7%
942 Alaa Bellaarouch GK 15 0 (0) 2023-2024
7%
1268 Alan Do Marcolino ST 3 0 (0) 2022-2023
7%
916 Albert Grønbæk AM 16 2 (1) 2024-2025
7%
642 Alberth Elis RW 30 9 (1) 2021-2023
7%
1340 Alexandre Letellier GK 2 0 (0) 2021-2023
7%
1387 Álex Domínguez GK 1 0 (0) 2024-2025
7%
1433 Alexi Koum LB 1 0 (0) 2024-2025
7%
958 Alexis Beka Beka DM 14 0 (0) 2022-2023
7%
1039 Amar Dedic RB 10 0 (1) 2024-2025
7%
382 Amine Salama ST 53 3 (1) 2022-2025
7%
274 Andreaw Gravillon CB 65 1 (2) 2020-2023
7%
89 Andrei Girotto CB 106 8 (3) 2020-2023
7%
933 Anel Ahmedhodzic CB 15 0 (1) 2021-2022
7%
825 Ângelo RW 21 0 (4) 2023-2024
7%
1334 Ange Loïc N'Gatta RB 2 0 (0) 2024-2025
7%
1126 Anthony Modeste ST 7 0 (0) 2020-2021
7%
419 Anthony Rouault CB 48 2 (1) 2022-2023, 2024-2025
7%
407 Antoine Joujou LW 49 0 (4) 2023-2025
7%
1124 Arnau Tenas GK 7 0 (2) 2023-2025
7%
827 Arthur Atta CM 21 1 (2) 2023-2024
7%
890 Augustine Boakye RW 17 3 (0) 2024-2025
7%
1290 Axel Tape CB 2 0 (0) 2024-2025
7%
1107 Ayanda Sishuba AM 8 0 (0) 2023-2025
7%
581 Ayyoub Bouaddi CM 33 0 (1) 2023-2025
7%
1125 Bakary Sako LW 7 0 (0) 2021-2022
7%
403 Becir Omeragic CB 50 0 (0) 2023-2025
7%
757 Benjamin Bouchouari CM 25 1 (0) 2024-2025
7%
598 Benjamin Leroy GK 32 0 (0) 2022-2023
7%
980 Ben Old LW 13 0 (0) 2024-2025
7%
713 Bilal Boutobba RW 27 1 (1) 2023-2024
7%
492 Bonke Innocent DM 41 0 (1) 2021-2024
7%
639 Brecht Dejaegere CM 30 4 (1) 2022-2023
7%
687 Carlens Arcus RB 28 0 (1) 2024-2025
7%
926 Cédric Bakambu ST 15 4 (1) 2021-2023
7%
686 Cédric Kipré CB 28 0 (1) 2024-2025
7%
796 Cesc Fàbregas CM 23 2 (3) 2020-2022
7%
1390 Cheick Souaré LM 1 0 (0) 2020-2021
7%
549 Cheikh Sabaly LW 36 3 (1) 2020-2021, 2023-2024
7%
211 Christophe Hérelle CB 74 0 (0) 2020-2024
7%
397 Christopher Jullien CB 50 1 (2) 2022-2024
7%
494 Christopher Operi LB 41 3 (7) 2023-2025
7%
1310 Christopher Rocchia LB 2 0 (0) 2020-2021
7%
791 Clément Grenier CM 23 4 (3) 2020-2021
7%
973 Dalbert LB 13 0 (1) 2020-2021
7%
519 Daniel Congré CB 38 2 (0) 2020-2021
7%
1365 Daniele Rugani CB 1 0 (0) 2020-2021
7%
595 Danley Jean Jacques DM 33 0 (0) 2023-2024
7%
618 Dan Ndoye RW 31 1 (2) 2020-2022
7%
1012 Danylo Ignatenko CM 11 0 (3) 2021-2022
7%
659 Didier Ndong DM 29 0 (1) 2020-2021
7%
688 Dimitry Bertaud GK 28 0 (0) 2020-2021, 2023-2025
7%
621 Djordje Petrovic GK 31 0 (0) 2024-2025
7%
870 Doğan Alemdar GK 18 0 (0) 2021-2023
7%
493 Domagoj Bradarić LB 41 1 (2) 2020-2022
7%
564 Donovan Léon GK 34 0 (2) 2022-2023, 2024-2025
7%
1160 Edouard Michut CM 6 0 (1) 2020-2022
7%
683 Eduard Sobol LB 28 0 (1) 2022-2025
7%
166 Elbasan Rashani LW 85 13 (7) 2021-2024
7%
962 El Chadaille Bitshiabu CB 14 0 (0) 2021-2023
7%
308 Eliot Matazo CM 60 2 (2) 2020-2025
7%
454 Emmanuel Sabbi RW 45 5 (1) 2023-2025
7%
1278 Emran Soglo LB 3 1 (1) 2023-2024
7%
424 Enock Kwateng RB 47 2 (0) 2020-2022
7%
1318 Enzo Millot AM 2 0 (0) 2020-2021
7%
1289 Enzo Sternal LW 2 0 (0) 2024-2025
7%
747 Eray Cömert CB 25 2 (0) 2023-2024
7%
315 Erik Palmer-Brown CB 59 0 (0) 2021-2023
7%
528 Farès Chaïbi AM 38 5 (6) 2022-2024
7%
959 Faris Moumbagna ST 14 3 (2) 2023-2025
7%
582 Florent Hanin LB 33 1 (2) 2024-2025
7%
236 Florent Ogier CB 70 2 (2) 2021-2024
7%
1140 François Mughe RW 6 0 (0) 2022-2024
7%
723 Fransérgio CM 26 0 (1) 2021-2022
7%
1154 Gabriel Barès DM 6 0 (0) 2024-2025
7%
1141 Gabriel Moscardo DM 6 0 (0) 2024-2025
7%
484 Gaëtan Charbonnier ST 42 7 (0) 2020-2021, 2022-2023
7%
975 Gaëtan Poussin GK 13 0 (0) 2021-2022
7%
1216 Georginio Rutter ST 4 0 (0) 2020-2021
7%
179 Gerzino Nyamsi CB 81 2 (3) 2020-2024
7%
398 Harold Moukoudi CB 50 3 (1) 2020-2022
7%
1231 Henrik Meister ST 4 1 (0) 2024-2025
7%
1210 Henry Onyekuru LW 4 0 (1) 2020-2021
7%
507 Iké Ugbo ST 39 7 (1) 2021-2023
7%
1153 Ilyes Chetti LB 6 0 (0) 2022-2023
7%
431 Imrân Louza CM 47 8 (6) 2020-2021, 2023-2024
7%
882 Ionuț Radu GK 17 0 (0) 2022-2023
7%
695 Isaac Lihadji RW 28 1 (5) 2020-2022
7%
578 Ismaël Boura LB 34 0 (0) 2020-2023
7%
1133 Ismaël Gharbi LW 7 0 (0) 2021-2023
7%
807 Jackson Porozo CB 22 2 (1) 2022-2023
7%
874 Jacques Ekomié LB 18 0 (0) 2024-2025
7%
603 Javairô Dilrosun LW 32 2 (6) 2021-2022
7%
993 Jean Michaël Seri DM 12 0 (0) 2020-2021
7%
953 Jean-Philippe Gbamin DM 14 0 (0) 2024-2025
7%
803 Jean-Philippe Krasso ST 22 1 (1) 2020-2022
7%
610 Jeanuël Belocian CB 32 0 (1) 2021-2024
7%
731 Jean-Victor Makengo CM 26 0 (0) 2022-2024
7%
452 Jeff Reine-Adélaïde AM 45 1 (5) 2020-2023
7%
861 Jérémy Jacquet CB 18 0 (2) 2023-2025
7%
488 Jimmy Briand ST 41 3 (3) 2020-2022
7%
1245 Joachim Andersen CB 3 0 (0) 2020-2021
7%
459 Jodel Dossou RW 44 4 (1) 2021-2023
7%
838 Joel Asoro RW 20 2 (2) 2023-2024
7%
1425 Johaneko Louis-Jean RB 1 0 (0) 2021-2022
7%
1118 Jordan ST 7 1 (0) 2024-2025
7%
788 Jordan James CM 23 0 (1) 2024-2025
7%
764 Jordan Marié CM 24 0 (0) 2020-2021
7%
932 Jordan Tell ST 15 1 (1) 2021-2022
7%
852 Josh Maja ST 19 2 (0) 2020-2022
7%
945 Josuha Guilavogui DM 15 1 (1) 2021-2022
7%
1066 Jota LW 9 1 (0) 2024-2025
7%
527 Julien Le Cardinal CB 38 0 (1) 2022-2025
7%
284 Julien Ponceau AM 63 4 (6) 2022-2024
7%
712 Justin Kluivert AM 27 4 (5) 2021-2022
7%
577 Kamaldeen Sulemana LW 34 5 (2) 2021-2023
7%
1241 Karl-Johan Johnsson GK 3 0 (0) 2024-2025
7%
1098 Kays Ruiz-Atil CM 8 0 (0) 2020-2021, 2022-2023
7%
1041 Kazeem Olaigbe LW 10 0 (2) 2024-2025
7%
479 Kelvin Amian RB 42 1 (1) 2023-2025
7%
1397 Kenny Nagera LW 1 0 (0) 2020-2021
7%
1298 Keyliane Abdallah RW 2 0 (0) 2023-2025
7%
258 Khalil Fayad CM 67 3 (2) 2022-2025
7%
650 Ki-Jana Hoever RB 30 1 (2) 2024-2025
7%
1148 Kjetil Haug GK 6 0 (0) 2024-2025
7%
915 Konrad de la Fuente LW 16 0 (2) 2021-2022
7%
1257 Lenny Lacroix CB 3 0 (1) 2021-2022
7%
779 Léo Jardim GK 23 0 (0) 2021-2023
7%
223 Léo Leroy CM 72 0 (1) 2021-2024
7%
1377 Loïc Bessilé CB 1 0 (0) 2020-2021
7%
597 Loris Benito CB 32 0 (0) 2020-2022
7%
901 Louis Leroux AM 16 2 (1) 2024-2025
7%
697 Lucas Stassin ST 28 12 (5) 2024-2025
7%
692 Luiz Araújo RW 28 4 (2) 2020-2021
7%
1212 Luiz Felipe CB 4 0 (0) 2024-2025
7%
902 Mahamadou Nagida LB 16 2 (0) 2023-2025
7%
1240 Malcolm Jeng CB 3 0 (0) 2024-2025
7%
473 Marvin Senaya RB 43 1 (1) 2022-2025
7%
960 Mateo Pavlovic CB 14 0 (1) 2020-2021
7%
728 Mathieu Debuchy RB 26 2 (1) 2020-2021
7%
875 Mathis Amougou CM 17 0 (0) 2024-2025
7%
1132 Mathys Tel ST 7 0 (0) 2021-2022
7%
811 Matías Fernández-Pardo ST 22 4 (3) 2024-2025
7%
1011 Maxime Bernauer CB 11 0 (0) 2024-2025
7%
514 Maxime Dupé GK 38 0 (0) 2022-2023
7%
442 Maximiliano Caufriez CB 46 1 (1) 2022-2024
7%
1388 Melvin Zinga GK 1 0 (0) 2024-2025
7%
1093 Meschack Elia ST 8 1 (0) 2024-2025
7%
742 Mexer CB 25 1 (0) 2020-2022
7%
781 Michaël Cuisance CM 23 2 (1) 2020-2021
7%
725 Mickaël Alphonse RB 26 0 (0) 2022-2023
7%
465 Miguel Trauco LB 43 1 (2) 2020-2022
7%
1020 Mikayil Faye CB 11 0 (0) 2024-2025
7%
390 Mikkel Desler RB 51 1 (3) 2022-2024
7%
718 Mohammed Salisu CB 27 1 (1) 2023-2025
7%
440 Moreto Cassamá CM 46 3 (1) 2020-2022
7%
789 Morgan Guilavogui RW 23 2 (0) 2023-2024
7%
418 Morgan Schneiderlin DM 48 0 (1) 2020-2022
7%
888 Moritz Jenz CB 17 1 (0) 2021-2022
7%
947 Moussa Soumano ST 14 1 (0) 2022-2023
7%
1402 Moustapha Mbow CB 1 0 (0) 2021-2022
7%
1253 Naouirou Ahamada CM 3 0 (0) 2024-2025
7%
1399 Nathan Ngoumou RW 1 0 (0) 2022-2023
7%
971 Nemanja Radonjić LW 13 2 (1) 2020-2022
7%
300 Neto Borges LB 61 3 (6) 2022-2024
7%
1027 Noah Edjouma RW 10 2 (0) 2024-2025
7%
858 Nolan Roux ST 19 0 (0) 2020-2021
7%
1204 Olivier Ntcham AM 4 0 (0) 2020-2021
7%
1150 Óscar Estupiñán ST 6 0 (0) 2023-2024
7%
571 Otávio DM 34 1 (0) 2020-2022
7%
948 Othmane Maamma RW 14 2 (1) 2023-2025
7%
883 Patrick Berg DM 17 0 (0) 2021-2023
7%
785 Patrick Burner RB 23 0 (0) 2020-2021
7%
593 Paul Baysse CB 33 2 (2) 2020-2022
7%
553 Paul Joly RB 36 0 (2) 2022-2023, 2024-2025
7%
450 Paul Nardi GK 45 0 (0) 2020-2022
7%
672 Pierre Ekwah DM 29 1 (0) 2024-2025
7%
580 Rabby Nzingoula DM 33 1 (1) 2023-2025
7%
685 Radoslaw Majecki GK 28 0 (0) 2020-2021, 2023-2025
7%
643 Rafael Ratão LW 30 5 (4) 2022-2023
7%
681 Rafinha AM 28 0 (5) 2020-2022
7%
1254 Rayan Aït-Nouri LB 3 0 (1) 2020-2021
7%
426 Rayan Raveloson CM 47 3 (1) 2022-2023, 2024-2025
7%
591 Reda Khadra AM 33 1 (3) 2023-2025
7%
229 Rémi Oudin AM 71 8 (9) 2020-2022
7%
773 Rémy Labeau Lascary ST 24 2 (1) 2022-2023, 2024-2025
7%
660 Ricardo Mangas LB 29 3 (1) 2021-2022
7%
1303 Romain Amalfitano CM 2 0 (0) 2020-2021
7%
355 Romain Perraud LB 55 3 (8) 2020-2021, 2023-2024
7%
262 Rominigue Kouamé CM 66 2 (3) 2021-2023
7%
169 Ronaël Pierre-Gabriel RB 85 1 (2) 2020-2024
7%
1281 Rubén Pardo CM 3 0 (0) 2020-2022
7%
1173 Rudy Matondo DM 5 0 (0) 2024-2025
7%
464 Ryad Boudebouz AM 44 3 (5) 2020-2022
7%
746 Saïd Benrahma LW 25 4 (6) 2023-2025
7%
1233 Saïmon Bouabré AM 4 0 (0) 2023-2025
7%
824 Sambou Soumano ST 21 3 (0) 2021-2022
7%
667 Samuel Grandsir RW 29 1 (0) 2023-2025
7%
1143 Samuel Umtiti CB 6 0 (0) 2023-2024
7%
191 Sanjin Prcic CM 78 2 (2) 2020-2024
7%
468 Sergio Akieme LB 43 4 (3) 2023-2025
7%
1291 Serigne Faye ST 2 0 (0) 2022-2023
7%
483 Shavy Babicka RW 42 5 (2) 2023-2025
7%
737 Sofiane Alakouch RB 26 0 (2) 2020-2022
7%
1320 Sofiane Sidi Ali ST 2 0 (0) 2023-2024
7%
867 Stanley Nsoki CB 18 0 (0) 2020-2021
7%
599 Stefan Mitrovic CB 32 2 (0) 2020-2021
7%
314 Stéphane Bahoken ST 59 9 (3) 2020-2022
7%
763 Stian Gregersen CB 24 1 (1) 2021-2022
7%
1099 Strahinja Pavlović CB 8 0 (0) 2020-2022
7%
755 Tanner Tessmann DM 25 1 (0) 2024-2025
7%
1323 Théo De Percin GK 2 0 (0) 2024-2025
7%
1080 Thérence Koudou RB 9 0 (0) 2023-2024
7%
134 Thomas Mangani CM 94 11 (6) 2020-2023
7%
535 Toma Bašić CM 37 4 (2) 2020-2022
7%
739 Tom Lacoux DM 26 0 (0) 2020-2022
7%
662 Trevoh Chalobah CB 29 2 (2) 2020-2021
7%
663 Vágner Dias LW 29 4 (1) 2020-2022
7%
363 Vincent Manceau RB 55 0 (0) 2020-2022
7%
547 Willem Geubbels ST 36 3 (1) 2020-2022
7%
608 Wilson Odobert RW 32 4 (2) 2022-2023
7%
893 Yanis Zouaoui LB 17 0 (2) 2024-2025
7%
998 Yann Karamoh LW 12 1 (0) 2023-2024
7%
675 Yassin Belkhdim CM 29 1 (1) 2024-2025
7%
1054 Yoram Zague RB 9 1 (0) 2023-2025
7%
584 Youssouf Sabaly RB 33 1 (2) 2020-2021
7%
505 Yvann Maçon RB 40 1 (1) 2020-2021, 2024-2025
7%
592 Zuriko Davitashvili LW 33 9 (8) 2024-2025
7%
816 Aaron Leya Iseka ST 21 4 (0) 2020-2021
0%
1342 Aaron Malouda LW 2 0 (0) 2023-2025
0%
1348 Abdellah Baallal AM 1 0 (0) 2023-2024
0%
545 Abdu Conté LB 36 1 (3) 2021-2023
0%
885 Ablie Jallow RM 17 3 (2) 2023-2024
0%
808 Achraf Dari CB 22 1 (1) 2022-2024
0%
1058 Adama Bojang ST 9 0 (0) 2023-2024
0%
1243 Adama Soumaoro CB 3 0 (0) 2020-2021
0%
1090 Adam Buksa ST 8 0 (0) 2022-2023
0%
1430 Adel Mahamoud LW 1 0 (0) 2023-2024
0%
184 Adil Aouchiche AM 80 2 (9) 2020-2023
0%
1414 Adilson Malanda CB 1 0 (0) 2020-2021
0%
1120 Adrien Lebeau AM 7 0 (1) 2023-2024
0%
1412 Adrien Louveau DM 1 0 (0) 2020-2021
0%
1247 Adryelson CB 3 0 (0) 2023-2025
0%
1106 Adson RW 8 0 (0) 2023-2024
0%
1264 Ahmad Ngouyamsa RB 3 0 (0) 2020-2021
0%
903 Ahmed Hassan ST 16 3 (1) 2024-2025
0%
944 Aïman Maurer AM 15 0 (1) 2022-2024
0%
630 Alan Virginius LW 31 1 (3) 2022-2024
0%
1373 Aleksandar Radovanovic CB 1 0 (0) 2020-2021
0%
1137 Alexandre Coeff CB 7 0 (1) 2022-2023
0%
804 Alexandru Dobre RW 22 0 (0) 2020-2021
0%
307 Alexis Flips AM 60 7 (10) 2020-2023
0%
1267 Alexis Tibidi LW 3 0 (0) 2022-2023
0%
1180 Alexis Trouillet CM 5 0 (0) 2020-2021
0%
744 Ali Abdi LB 25 5 (2) 2024-2025
0%
1246 Aloïs Confais DM 3 0 (0) 2023-2025
0%
1004 Amadou Salif Mbengue CB 12 0 (0) 2021-2022
0%
1426 Amar Fatah LW 1 0 (0) 2022-2023
0%
761 Ambroise Oyongo LB 24 2 (1) 2020-2022
0%
1288 Amidou Doumbouya CB 2 0 (0) 2024-2025
0%
1181 Amine Bassi AM 5 0 (0) 2021-2022
0%
1427 Amine Messoussa ST 1 0 (0) 2022-2023
0%
701 Amir Richardson CM 28 3 (1) 2023-2024
0%
905 Anastasios Donis LW 16 0 (0) 2020-2022
0%
1354 Andrea Dacourt AM 1 0 (0) 2022-2023
0%
714 Andreas Bruus RB 27 0 (2) 2022-2023
0%
1319 Andrej Ilic ST 2 0 (0) 2023-2024
0%
711 Andrés Cubas DM 27 1 (0) 2020-2021
0%
1047 Andrew Omobamidele CB 10 0 (0) 2024-2025
0%
1142 Ange Martial Tia AM 6 0 (0) 2024-2025
0%
972 Aníbal Chalá LB 13 0 (0) 2020-2021
0%
1311 Ante Palaversa DM 2 1 (0) 2022-2023
0%
879 Anthony Briançon CB 17 0 (0) 2020-2021, 2024-2025
0%
234 Anthony Caci RB 70 1 (5) 2020-2022
0%
1345 Anthony Khelifa CB 2 0 (0) 2022-2023
0%
1031 Anthony Mandréa GK 10 0 (0) 2021-2022
0%
822 Anthony Racioppi GK 21 0 (0) 2020-2021
0%
1406 Antoine Valério CM 1 0 (0) 2020-2021
0%
645 Antonin Bobichon CM 30 0 (1) 2020-2023
0%
1409 Antonin Cartillier LB 1 0 (0) 2023-2024
0%
305 Arbër Zeneli LW 60 5 (9) 2020-2023
0%
1244 Aristide Zossou LW 3 0 (0) 2024-2025
0%
257 Armand Laurienté LW 67 10 (8) 2020-2023
0%
238 Arnaud Souquet RB 69 2 (4) 2020-2023
0%
1252 Arthur Zagré LB 3 0 (0) 2020-2021
0%
1424 Aurélien Pelon CB 1 0 (0) 2023-2024
0%
1038 Aurélien Scheidler ST 10 1 (0) 2020-2021
0%
708 Aurélio Buta RB 27 0 (1) 2024-2025
0%
923 Axel Camblan LW 16 0 (0) 2022-2025
0%
1084 Axel Guéguin RW 9 0 (0) 2022-2025
0%
1195 Ayman Aiki RW 5 0 (0) 2024-2025
0%
857 Ayman Kari CM 19 1 (1) 2022-2024
0%
1136 Ayoub Amraoui LB 7 0 (0) 2022-2023
0%
1333 Baptiste Gabard CM 2 0 (0) 2020-2021
0%
1269 Baptiste Mouazan CM 3 0 (0) 2021-2022
0%
518 Baptiste Reynet GK 38 0 (0) 2020-2021
0%
1431 Bastien Meupiyou CB 1 0 (0) 2023-2024
0%
629 Béni Makouana LW 31 0 (1) 2021-2023
0%
1112 Benjamin Stambouli DM 7 0 (1) 2023-2024
0%
997 Benjamin Tetteh ST 12 0 (0) 2023-2024
0%
1350 Ben Viadere AM 1 0 (0) 2024-2025
0%
1363 Bernard Nguene ST 1 0 (0) 2024-2025
0%
600 Bersant Celina AM 32 0 (5) 2020-2021
0%
823 Bertuğ Yıldırım ST 21 0 (2) 2023-2024
0%
884 Bevic Moussiti-Oko ST 17 1 (0) 2022-2023
0%
1256 Bilal Benkhedim AM 3 0 (0) 2020-2021
0%
1119 Brandon Baiye DM 7 0 (0) 2022-2023
0%
1024 Brandon Dominguès AM 11 1 (0) 2021-2022
0%
1073 Brandon Soppy RM 9 0 (0) 2020-2021
0%
1156 Bridge Ndilu ST 6 0 (0) 2020-2021
0%
1335 Bryan Nokoue RB 2 0 (0) 2021-2022
0%
1163 Caleb Wiley LB 6 0 (1) 2024-2025
0%
691 Calvin Stengs AM 28 1 (1) 2021-2023
0%
829 Carlos Baleba DM 21 0 (2) 2022-2024
0%
886 Casimir Ninga ST 17 0 (0) 2020-2022
0%
766 Cédric Avinel CB 24 1 (0) 2022-2023
0%
917 César Gelabert AM 16 1 (2) 2023-2024
0%
1407 Chaïm El Djebali CM 1 0 (0) 2023-2024
0%
748 Charles Abi ST 25 3 (2) 2020-2022
0%
1416 Charles Costes RW 1 0 (0) 2020-2021
0%
628 Charlie Cresswell CB 31 3 (1) 2024-2025
0%
1219 Cheikh Niasse DM 4 0 (0) 2021-2022
0%
1260 Cher Ndour CM 3 0 (0) 2023-2024
0%
404 Chrislain Matsima CB 50 1 (2) 2020-2024
0%
1353 Christ-Emmanuel Letono Mbondi ST 1 0 (0) 2023-2024
0%
954 Chuba Akpom ST 14 3 (1) 2024-2025
0%
1376 Clément Depres ST 1 0 (0) 2020-2021
0%
730 Clément Michelin RB 26 0 (4) 2020-2021
0%
696 Clément Vidal CB 28 1 (0) 2020-2021, 2022-2023
0%
927 Cristian Battocchio CM 15 0 (0) 2020-2021
0%
586 Cyrille Bayala RW 33 1 (1) 2022-2023
0%
787 Damien Le Tallec DM 23 0 (0) 2020-2021
0%
1339 Danel Dongmo CM 2 0 (0) 2022-2023
0%
930 Danijel Petkovic GK 15 0 (0) 2021-2022
0%
1176 Danilo Barbosa DM 5 0 (0) 2020-2022
0%
1092 Dario Maresic CB 8 0 (0) 2020-2021
0%
552 Darlin Yongwa LB 36 2 (2) 2022-2024
0%
990 Dehmaine Tabibou CM 12 0 (0) 2024-2025
0%
536 Denis Genreau AM 37 0 (1) 2022-2025
0%
1370 Denis Petric GK 1 0 (0) 2023-2024
0%
1203 Denys Bain CB 4 0 (0) 2021-2023
0%
684 Dereck Kutesa LW 28 1 (2) 2020-2021
0%
1279 Derek Mazou-Sacko CM 3 0 (0) 2021-2023
0%
323 Dion Lopy DM 59 0 (2) 2020-2023
0%
1145 Djamel Eddine Benlamri CB 6 0 (0) 2020-2021
0%
1095 Djed Spence LB 8 0 (0) 2022-2023
0%
1411 Djeidi Gassama LW 1 0 (0) 2021-2022
0%
1087 Djylian N'Guessan ST 8 0 (0) 2024-2025
0%
745 Dylan Batubinsika CB 25 1 (0) 2024-2025
0%
853 Dylan Chambost AM 19 0 (1) 2021-2022
0%
1218 Eddy Sylvestre CM 4 0 (0) 2020-2021
0%
1429 Edhy Zuliani AM 1 0 (0) 2024-2025
0%
756 Eiji Kawashima GK 25 0 (0) 2020-2022
0%
1193 El Hadji Dieye RW 5 0 (0) 2021-2022
0%
636 Eli Junior Kroupi ST 31 5 (3) 2022-2024
0%
1023 Elysée Logbo ST 11 0 (0) 2023-2025
0%
656 Emerson LB 29 1 (2) 2021-2022
0%
876 Emmanuel Biumla CB 17 1 (0) 2024-2025
0%
1325 Enzo Caumont DM 2 0 (0) 2024-2025
0%
1208 Enzo Crivelli ST 4 0 (0) 2021-2022
0%
588 Enzo Ebosse CB 33 0 (0) 2020-2022
0%
1359 Enzo Mongo CB 1 0 (0) 2023-2024
0%
1346 Eric N'Jo CB 2 0 (0) 2021-2022
0%
1314 Eros Maddy RW 2 0 (0) 2024-2025
0%
1420 Erwan Belhadji RW 1 0 (0) 2020-2021
0%
937 Fabian Rieder RW 15 1 (0) 2023-2024
0%
394 Fabien Lemoine DM 51 1 (1) 2020-2022
0%
548 Fali Candé CB 36 0 (4) 2021-2022, 2023-2024
0%
1349 Fallou Fall CB 1 0 (0) 2022-2023
0%
1111 Faouzi Ghoulam LB 7 0 (0) 2022-2023
0%
1014 Fernand Mayembo CB 11 0 (0) 2022-2023
0%
409 Flavius Daniliuc CB 49 1 (0) 2020-2023
0%
1068 Florentino DM 9 0 (0) 2020-2021
0%
1122 Florian Chabrolle AM 7 0 (0) 2022-2023
0%
819 Florian Miguel LB 21 0 (0) 2020-2021
0%
570 Fodé Ballo-Touré LB 34 0 (4) 2020-2021, 2024-2025
0%
776 Fouad Chafik RB 23 1 (0) 2020-2021
0%
1284 Franci Bouebari LB 2 0 (0) 2022-2023
0%
1164 Francis Coquelin DM 6 1 (1) 2024-2025
0%
1149 François-Joseph Sollacaro GK 6 0 (0) 2022-2023
0%
1215 Franklin Wadja DM 4 0 (0) 2020-2021
0%
1013 Fraser Hornby ST 11 0 (0) 2020-2022
0%
655 Frédéric Sammaritano LW 30 0 (2) 2020-2021
0%
1072 Fredrik Oppegård LB 9 0 (0) 2024-2025
0%
1361 Gabin Capuano ST 1 0 (0) 2024-2025
0%
837 Gabriel Osho CB 20 1 (0) 2024-2025
0%
912 Gaëtan Paquiez RB 16 0 (0) 2020-2021
0%
774 George Ilenikhena ST 23 3 (2) 2024-2025
0%
996 Gerson Rodrigues ST 12 1 (1) 2021-2022
0%
1417 Ghjuvanni Quilichini GK 1 0 (0) 2022-2023
0%
898 Gift Orban ST 16 3 (0) 2023-2025
0%
1423 Gino Caoki LB 1 0 (0) 2023-2024
0%
560 Giulian Biancone CB 35 1 (2) 2020-2022
0%
938 Goduine Koyalipou ST 15 4 (0) 2024-2025
0%
1182 Grégoire Coudert GK 5 0 (0) 2023-2025
0%
1418 Guédé Nadje ST 1 0 (0) 2021-2022
0%
1381 Guillaume Dietsch GK 1 0 (0) 2023-2024
0%
354 Habib Maïga DM 55 3 (3) 2020-2021, 2023-2024
0%
934 Halid Sabanovic RB 15 2 (0) 2022-2023
0%
1198 Hamidou Makalou DM 4 0 (0) 2024-2025
0%
709 Hamza Sakhi AM 27 1 (2) 2022-2023
0%
894 Hamzat Ojediran DM 17 1 (0) 2024-2025
0%
834 Haris Duljevic LW 20 0 (2) 2020-2021
0%
632 Hianga'a Mbock CM 31 0 (0) 2020-2025
0%
1308 Hicham Mahou RW 2 0 (0) 2020-2021
0%
670 Hilton CB 29 0 (1) 2020-2021
0%
925 Hiroki Sekine RB 15 0 (0) 2024-2025
0%
1321 Hugo Boutsingkham LB 2 0 (0) 2023-2024
0%
1061 Hyun-jun Suk ST 9 0 (0) 2021-2022
0%
489 Ibrahim Amadou DM 41 1 (0) 2020-2023
0%
1034 Ibrahima Wadji ST 10 0 (0) 2024-2025
0%
1018 Ibrahim Cissoko LW 11 1 (1) 2023-2024
0%
1006 Ibrahim Hafiz Umar ST 11 0 (1) 2024-2025
0%
1356 Ichem Ferrah RW 1 0 (0) 2023-2024
0%
1108 Idriss Saadi ST 7 0 (0) 2020-2021
0%
1331 Ignacio Miramón DM 2 0 (0) 2023-2024
0%
1177 Ignacio Ramírez ST 5 0 (0) 2021-2022
0%
1265 Igor Miladinovic AM 3 0 (0) 2024-2025
0%
1355 Ike Orazi LW 1 0 (0) 2024-2025
0%
1239 Ilhan Fakili LW 3 0 (0) 2023-2024
0%
992 Il-lok Yun LW 12 0 (0) 2020-2021
0%
984 Ilyes Housni ST 13 0 (0) 2022-2023, 2024-2025
0%
1316 Ismaïl Aaneba CB 2 0 (0) 2020-2021
0%
983 Issouf Sissokho DM 13 1 (0) 2020-2022
0%
878 Ivan Cavaleiro LW 17 1 (1) 2023-2024
0%
1171 Ivane Chegra RW 6 0 (0) 2022-2023
0%
1362 Ivan M'Bahia CB 1 0 (0) 2023-2024
0%
1190 Jacques Siwe ST 5 0 (0) 2020-2021
0%
720 Jake O'Brien CB 27 4 (2) 2023-2024
0%
1117 James Léa Siliki CM 7 0 (0) 2020-2021
0%
826 Jaouen Hadjam LB 21 0 (1) 2022-2024
0%
617 Jason Berthomier AM 31 1 (6) 2021-2023
0%
1250 Jason Mbock LW 3 0 (0) 2021-2023
0%
862 Jaydee Canvot CB 18 0 (0) 2024-2025
0%
1042 Jean-Armel Kana-Biyik CB 10 0 (0) 2021-2022
0%
1101 Jean Botué ST 8 0 (0) 2022-2023
0%
911 Jean-Claude Billong CB 16 0 (0) 2021-2023
0%
1051 Jean-Mattéo Bahoya LW 10 0 (0) 2022-2023
0%
1167 Jean N'Guessan CM 6 0 (0) 2023-2024
0%
97 Jean-Ricner Bellegarde CM 104 7 (14) 2020-2024
0%
860 Jeffinho LW 19 2 (3) 2022-2024
0%
931 Jemerson CB 15 0 (0) 2021-2022
0%
509 Jens Cajuste DM 39 5 (1) 2021-2023
0%
1085 Jeremy Agbonifo RW 8 1 (0) 2024-2025
0%
1100 Jérémy Pied RB 8 0 (0) 2020-2022
0%
721 Jérémy Sebas LW 27 2 (1) 2023-2025
0%
813 Jere Uronen LB 21 0 (1) 2021-2023
0%
644 Jérôme Hergault RB 30 2 (0) 2020-2022
0%
1366 Jérôme Phojo RB 1 0 (0) 2021-2022
0%
869 Jessy Deminguet CM 18 0 (0) 2023-2024
0%
546 Jessy Moulin GK 36 0 (0) 2020-2022
0%
872 Jhoanner Chávez LB 18 1 (0) 2023-2025
0%
1410 Jibril Othman ST 1 0 (0) 2024-2025
0%
333 Jimmy Cabot RM 57 1 (8) 2020-2023
0%
847 Jimmy Giraudon CB 19 0 (0) 2021-2022
0%
981 João Victor CB 13 0 (1) 2022-2023
0%
1404 Joaquín Blázquez GK 1 0 (0) 2022-2023
0%
1144 Joe Bryan LB 6 0 (0) 2022-2023
0%
1131 Joel Mvuka RW 7 0 (0) 2023-2024
0%
906 Joe Rodon CB 16 1 (0) 2022-2023
0%
562 John Boye CB 35 1 (2) 2020-2021
0%
985 John Patrick CM 13 0 (0) 2024-2025
0%
864 Jonathan Delaplace CM 18 0 (1) 2020-2021
0%
929 Jonathan Iglesias CM 15 0 (0) 2021-2022
0%
806 Jonathan Panzo CB 22 0 (0) 2020-2021
0%
1413 Jonathan Varane CM 1 0 (0) 2021-2022
0%
565 Jordan Lefort CB 34 0 (1) 2024-2025
0%
908 Jordan Teze RB 16 1 (0) 2024-2025
0%
989 Joseph Nduquidi CM 13 0 (0) 2023-2024
0%
703 Joshua King ST 28 6 (4) 2024-2025
0%
1019 Josh Wilson-Esbrand LB 11 1 (1) 2023-2024
0%
1304 Josué Albert CB 2 0 (0) 2021-2022
0%
799 Julian Jeanvier CB 22 1 (0) 2022-2023
0%
1146 Julian Pollersbeck GK 6 0 (0) 2021-2022
0%
596 Julien Faussurier RB 33 0 (4) 2020-2022
0%
503 Junior Dina Ebimbe RM 40 1 (1) 2020-2022
0%
264 Junior Sambia RB 66 2 (6) 2020-2022
0%
1285 Justin Bourgault LB 2 1 (0) 2024-2025
0%
1056 Justin Kalumba RW 9 0 (0) 2022-2023, 2024-2025
0%
500 Kaj Sierhuis ST 40 0 (1) 2020-2023
0%
1392 Kandet Diawara LW 1 0 (0) 2024-2025
0%
976 Karim Aribi ST 13 0 (0) 2020-2021
0%
1115 Karim Azamoum CM 7 0 (0) 2021-2022
0%
851 Karol Fila RB 19 0 (0) 2021-2022, 2024-2025
0%
865 Keagan Dolly LW 18 0 (0) 2020-2021
0%
979 Kelvin Yeboah ST 13 0 (0) 2023-2024
0%
939 Kelyan Guessoum CB 15 0 (1) 2020-2021
0%
1360 Kembo Diliwidi LW 1 0 (0) 2024-2025
0%
1306 Kenji-Van Boto LB 2 0 (0) 2022-2023
0%
1037 Kévin Denkey ST 10 1 (1) 2020-2021
0%
859 Kévin Keben CB 19 0 (0) 2022-2024
0%
913 Kévin Monnet-Paquet LW 16 0 (0) 2020-2021
0%
414 Kévin N'Doram DM 48 0 (2) 2020-2021, 2023-2024
0%
1432 Kévin Pedro CB 1 0 (0) 2024-2025
0%
805 Kevin Spadanuda LW 22 0 (1) 2022-2023
0%
666 Kevin Van Den Kerkhof RB 29 1 (2) 2023-2024
0%
786 Kévin Zohi ST 23 2 (0) 2020-2021
0%
978 Koffi Kouao RB 13 0 (2) 2023-2024
0%
491 Komnen Andric ST 41 4 (3) 2022-2024
0%
1170 Kyliane Dong RW 6 0 (0) 2022-2023
0%
1242 Kyllian Antonio CB 3 0 (0) 2024-2025
0%
1155 Kyogo Furuhashi ST 6 0 (0) 2024-2025
0%
1401 Lamine Diack DM 1 0 (0) 2023-2024
0%
508 Lamine Fomba DM 39 1 (1) 2020-2021, 2024-2025
0%
1379 Lamine Ghezali RW 1 0 (0) 2021-2022
0%
1292 Lanroy Machine ST 2 0 (0) 2024-2025
0%
1103 Lenny Joseph RW 8 0 (0) 2021-2022
0%
1183 Levi Lumeka LW 5 0 (0) 2021-2022
0%
555 Lilian Raolisoa RB 36 1 (3) 2022-2023, 2024-2025
0%
705 Lionel Carole LB 27 0 (1) 2020-2021
0%
1025 Lohann Doucet DM 11 0 (0) 2021-2023
0%
446 Loïc Badé CB 46 0 (2) 2020-2023
0%
832 Loïck Landre CB 20 1 (0) 2020-2021
0%
413 Loïs Diony ST 48 7 (2) 2020-2021, 2022-2023, 2024-2025
0%
1327 Loris Mouyokolo CB 2 0 (0) 2020-2021, 2023-2024
0%
936 Louis Mafouta ST 15 2 (0) 2021-2022
0%
1046 Loum Tchaouna RW 10 0 (0) 2021-2022
0%
1317 Lucas Buades RM 2 0 (0) 2020-2021
0%
1419 Lucas Calodat RW 1 0 (0) 2021-2022
0%
752 Lucas Da Cunha CM 25 2 (1) 2021-2022
0%
753 Lucas Deaux DM 25 1 (2) 2020-2021
0%
301 Lucas Gourna-Douath DM 61 1 (0) 2020-2022
0%
1078 Lucas Michal LW 9 0 (0) 2023-2025
0%
797 Lucas Mincarelli LB 23 2 (1) 2023-2025
0%
481 Lucien Agoumé DM 42 0 (1) 2021-2023
0%
950 Luck Zogbé RB 14 0 (0) 2023-2025
0%
1121 Ludovic Baal LB 7 0 (0) 2020-2021
0%
1040 Lukasz Poreba CM 10 0 (1) 2022-2023
0%
679 Mahamadou Diawara CM 28 0 (1) 2023-2025
0%
1074 Mahamé Siby DM 9 0 (0) 2020-2022
0%
638 Majeed Waris CF 30 3 (0) 2020-2022
0%
1228 Malik Sellouki AM 4 1 (0) 2020-2021
0%
486 Mamadou Diakhon LW 41 2 (1) 2022-2025
0%
1104 Mamady Bangré RW 8 0 (1) 2023-2024
0%
762 Marc-Aurèle Caillard GK 24 0 (0) 2020-2022
0%
1134 Marco Majouga RW 7 0 (0) 2020-2021
0%
1010 Marin Jakolis LW 11 0 (0) 2021-2023
0%
1086 Marius Courcoul DM 8 0 (0) 2024-2025
0%
649 Mark McKenzie CB 30 1 (1) 2024-2025
0%
1309 Marlos Moreno LW 2 0 (0) 2022-2023
0%
964 Martin Adeline CM 14 0 (0) 2021-2022, 2024-2025
0%
1389 Marvin Tshibuabua CB 1 0 (0) 2020-2021
0%
1287 Marwann Nzuzi RB 2 0 (0) 2024-2025
0%
1067 Mateusz Lis GK 9 0 (0) 2022-2023
0%
532 Mateusz Wieteska CB 37 1 (2) 2022-2024
0%
1408 Mathéo Bodmer DM 1 0 (0) 2024-2025
0%
952 Mathew Ryan GK 14 0 (0) 2024-2025
0%
775 Mathias Autret AM 23 2 (2) 2022-2023
0%
716 Mathieu Coutadeur CM 27 0 (0) 2022-2023
0%
891 Mathieu Gorgelin GK 17 0 (0) 2023-2025
0%
1343 Mathis Hamdi LB 2 0 (0) 2022-2023
0%
1435 Mathis Lambourde ST 1 0 (0) 2023-2024
0%
1223 Mathys Saban LW 4 0 (0) 2020-2022
0%
1315 Matis Carvalho GK 2 0 (0) 2022-2023
0%
840 Mattéo Ahlinvi CM 20 2 (0) 2020-2021
0%
626 Matthieu Dreyer GK 31 0 (0) 2020-2022
0%
677 Mattia De Sciglio RB 29 0 (1) 2020-2021
0%
873 Maxence Rivera LW 18 0 (0) 2020-2022
0%
800 Maxime Colin RB 22 0 (1) 2023-2024
0%
326 Maxime Estève CB 59 1 (1) 2021-2024
0%
525 Maxime Le Marchand CB 38 1 (1) 2021-2023
0%
951 Maxime Poundjé LB 14 0 (0) 2020-2021
0%
820 M'Bala Nzola ST 21 6 (1) 2024-2025
0%
863 Mehdi Abeid CM 18 0 (0) 2020-2021
0%
765 Mehdi Chahiri LW 24 2 (0) 2020-2022
0%
1237 Mehdi Puch-Herrantz DM 4 0 (0) 2022-2023
0%
487 Mehdi Zeffane RB 41 1 (2) 2022-2024
0%
594 Mehdi Zerkane AM 33 1 (1) 2020-2022
0%
831 Michaël Barreto AM 20 1 (1) 2022-2023
0%
759 Miha Blazic CB 24 2 (0) 2022-2023
0%
846 Miha Zajc CM 19 0 (0) 2024-2025
0%
1332 Milos Lukovic ST 2 0 (0) 2024-2025
0%
415 Mitchell van Bergen RW 48 0 (2) 2021-2023
0%
1035 Moatasem Al-Musrati DM 10 1 (1) 2024-2025
0%
1002 Mohamed Abdelmonem CB 12 0 (0) 2024-2025
0%
1274 Mohamed Achi CM 3 0 (0) 2021-2023
0%
1341 Mohamed-Amine Bouchenna CF 2 0 (0) 2023-2024
0%
1336 Mohamed Bechikh ST 2 0 (0) 2023-2024
0%
719 Mohamed Daramy LW 27 4 (5) 2023-2025
0%
1326 Mohamed El Arouch CM 2 0 (0) 2022-2024
0%
856 Mohamed Simakan CB 19 1 (1) 2020-2021
0%
704 Moïse Bombito CB 27 0 (0) 2024-2025
0%
609 Moïse Sahi Dion ST 32 4 (1) 2020-2021, 2023-2024
0%
1385 Moïse Sakava AM 1 0 (0) 2020-2021
0%
982 Mory Gbane DM 13 0 (1) 2024-2025
0%
1151 Mouhamadou Drammeh DM 6 0 (0) 2020-2021
0%
607 Mounaïm El Idrissy ST 32 6 (1) 2022-2023
0%
782 Mounir Chouiar LW 23 0 (2) 2020-2021
0%
1157 Moussa Djitté ST 6 0 (0) 2022-2023
0%
615 Moussa Niakhaté CB 31 0 (0) 2024-2025
0%
1324 Mykola Kukharevych ST 2 0 (0) 2021-2022
0%
664 Myziane Maolida LW 29 4 (1) 2020-2023
0%
1017 Naatan Skyttä AM 11 0 (0) 2022-2025
0%
866 Nabil Alioui AM 18 4 (1) 2023-2024
0%
1062 Naomichi Ueda CB 9 0 (0) 2020-2021
0%
1022 Nassim Chadli RW 11 0 (0) 2020-2022
0%
1396 Nathan Bitumazala AM 1 0 (0) 2021-2022
0%
941 Nathaniel Adjei CB 15 0 (0) 2023-2024
0%
801 Neal Maupay ST 22 4 (4) 2024-2025
0%
648 Ngonda Muzinga LB 30 2 (0) 2020-2021
0%
741 Nhoa Sangui LB 26 0 (2) 2024-2025
0%
700 Nicholas Gioacchini ST 28 0 (3) 2021-2022
0%
641 Niclas Eliasson RM 30 4 (3) 2020-2021
0%
1055 Nicolas Pays AM 9 0 (0) 2024-2025
0%
614 Niklas Schmidt CM 31 1 (2) 2023-2025
0%
1110 Nikola Maksimović CB 7 0 (0) 2024-2025
0%
1189 Noah Fatar LW 5 0 (0) 2020-2022
0%
1096 Noah Holm ST 8 0 (0) 2022-2023
0%
1421 Noam Mayoka-Tika DM 1 0 (0) 2023-2024
0%
987 Nordine Kandil LW 13 0 (2) 2021-2022, 2024-2025
0%
1186 Oliver Zandén LB 5 0 (0) 2022-2023
0%
477 Opa Nguette LW 42 5 (3) 2020-2022
0%
652 Osame Sahraoui LW 30 3 (3) 2024-2025
0%
1234 Óscar Cortés LW 4 1 (1) 2023-2024
0%
1282 Óscar Perea LW 2 0 (0) 2024-2025
0%
767 Osman Bukari RW 24 2 (4) 2021-2022
0%
602 Oualid El Hajjam RB 32 1 (2) 2021-2022, 2023-2024
0%
754 Ouparine Djoco GK 25 0 (0) 2021-2023
0%
969 Pablo CB 13 1 (0) 2020-2021
0%
1209 Panagiotis Retsos CB 4 0 (0) 2020-2021
0%
943 Panos Katseris RM 15 1 (1) 2023-2024
0%
1403 Paolo Lebas DM 1 0 (0) 2022-2023
0%
309 Papa Ndiaga Yade LW 60 3 (7) 2020-2023
0%
818 Pape Cheikh CM 21 0 (0) 2020-2021
0%
1059 Pape Diong DM 9 1 (0) 2024-2025
0%
1357 Patrick Ouotro ST 1 0 (0) 2023-2024
0%
1114 Patrick Pentz GK 7 0 (0) 2022-2023
0%
1369 Patrick Roberts RW 1 0 (0) 2021-2022
0%
1174 Patrik Carlgren GK 5 0 (0) 2024-2025
0%
1036 Paul Akouokou DM 10 0 (0) 2023-2025
0%
539 Paul Lasne CM 37 0 (1) 2020-2022
0%
854 Petar Skuletic ST 19 2 (0) 2020-2021
0%
1307 Philippe Sandler CB 2 0 (0) 2021-2022
0%
1016 Pierre Cornud LB 11 0 (0) 2024-2025
0%
466 Pierre-Yves Hamel ST 43 4 (2) 2020-2022
0%
907 Pietro Pellegri ST 16 1 (1) 2020-2021
0%
1347 Plamedi Nsingi ST 1 0 (0) 2024-2025
0%
1293 Prosper Peter ST 2 0 (0) 2024-2025
0%
1065 Qazim Laci CM 9 0 (0) 2022-2023
0%
366 Quentin Boisgard CM 54 4 (3) 2020-2023
0%
1367 Rachid Alioui ST 1 0 (0) 2020-2021
0%
1371 Racine Coly LB 1 0 (0) 2020-2021
0%
1378 Rafik Guitane RW 1 0 (0) 2022-2023
0%
986 Rafik Messali RM 13 0 (1) 2024-2025
0%
1434 Raimane Daou DM 1 0 (0) 2023-2024
0%
1166 Rareș Ilie AM 6 0 (0) 2022-2023, 2024-2025
0%
1220 Rayan Philippe RW 4 0 (0) 2020-2021
0%
1372 Rayan Souici DM 1 0 (0) 2020-2021
0%
1194 Reda Belahyane DM 5 0 (0) 2022-2024
0%
1225 Redwan Bourlès LM 4 0 (0) 2021-2022
0%
1091 Rémy Descamps GK 8 0 (0) 2022-2025
0%
1007 Rémy Dugimont LW 11 0 (1) 2022-2023
0%
1029 Rémy Riou GK 10 0 (0) 2022-2024
0%
956 Renan Lodi LB 14 0 (0) 2023-2024
0%
682 Renaud Emond ST 28 2 (0) 2020-2022
0%
1205 Rhys Healey ST 4 2 (0) 2022-2023
0%
935 Robson Bambu CB 15 0 (0) 2020-2021
0%
880 Roger Assalé ST 17 1 (1) 2020-2021
0%
815 Romain Philippoteaux LM 21 2 (1) 2020-2022
0%
904 Romain Salin GK 16 0 (0) 2020-2022
0%
706 Ross Barkley CM 27 4 (2) 2022-2023
0%
1258 Ruan Levine RW 3 0 (0) 2022-2023
0%
1422 Rudy Kohon CB 1 0 (0) 2022-2023
0%
795 Sacha Delaye AM 23 1 (1) 2020-2024
0%
1158 Said Hamulic ST 6 0 (0) 2022-2023
0%
1386 Sami Ben Amar ST 1 0 (0) 2020-2021
0%
1082 Samuel Amo-Ameyaw RW 9 2 (0) 2024-2025
0%
1338 Samuel Koeberlé DM 2 0 (0) 2021-2023
0%
1259 Samuel Loric LB 3 0 (0) 2021-2022
0%
1187 Samy Benchamma DM 5 0 (0) 2020-2021
0%
995 Saturnin Allagbé GK 12 0 (0) 2020-2021
0%
627 Sebastian Nanasi LM 31 6 (4) 2024-2025
0%
1248 Sébastien Cibois GK 3 0 (0) 2020-2021
0%
203 Sébastien Corchia RB 75 0 (5) 2020-2023
0%
1415 Sekou Yansané ST 1 0 (0) 2021-2022
0%
732 Shamar Nicholson ST 26 4 (3) 2023-2024
0%
1000 Sikou Niakaté CB 12 0 (0) 2021-2022
0%
1009 Silvan Hefti RB 11 0 (1) 2023-2024
0%
520 Simon Banza ST 38 6 (3) 2020-2022
0%
1283 Simon Cara AM 2 0 (0) 2024-2025
0%
1222 Simon Ebonog CM 4 0 (0) 2023-2024
0%
963 Simon Elisor ST 14 1 (0) 2023-2024
0%
1405 Simon Ramet RB 1 0 (0) 2022-2023
0%
1105 Skelly Alvero DM 8 1 (0) 2023-2024
0%
463 Soungoutou Magassa DM 44 0 (1) 2022-2025
0%
1094 Stefan Bajic GK 8 0 (0) 2020-2022
0%
1135 Stefan Dzodic CM 7 0 (0) 2024-2025
0%
669 Stevan Jovetić CF 29 6 (1) 2020-2021
0%
1344 Steven Baseya CB 2 0 (0) 2023-2024
0%
836 Steven Fortes CB 20 0 (0) 2020-2023
0%
844 Steve Ngoura ST 20 0 (2) 2023-2025
0%
1052 Stredair Appuah RW 9 0 (0) 2022-2024
0%
1070 Sylvain Marveaux AM 9 0 (0) 2020-2021
0%
1229 Taïryk Arconte ST 4 0 (0) 2022-2023
0%
1005 Tanguy Zoukrou CB 12 0 (0) 2021-2023
0%
1436 Téo Barišić RB 1 0 (0) 2024-2025
0%
671 Theo Bair ST 29 2 (1) 2024-2025
0%
1382 Theocharis Tsingaras CM 1 0 (0) 2022-2023
0%
1196 Théo Chennahi AM 4 0 (0) 2024-2025
0%
1206 Théo Pellenard CB 4 0 (0) 2022-2023, 2024-2025
0%
625 Théo Sainte-Luce LB 31 2 (1) 2022-2025
0%
1437 Théo Trinker DM 1 0 (0) 2022-2023
0%
920 Thiago Almada AM 16 1 (5) 2024-2025
0%
1185 Thibault Klidjé ST 5 0 (0) 2021-2022
0%
1391 Thibault Tamas LB 1 0 (0) 2022-2023
0%
778 Thierry Ambrose ST 23 0 (1) 2020-2021
0%
1165 Thomas Fontaine CB 6 0 (0) 2020-2022
0%
296 Thomas Monconduit DM 61 5 (2) 2020-2022
0%
918 Thuler CB 16 0 (0) 2021-2022
0%
1272 Tiago Morais LW 3 0 (0) 2023-2024
0%
1384 Tiago Ribeiro CM 1 0 (0) 2021-2022
0%
370 Timothée Kolodziejczak CB 54 2 (3) 2020-2022
0%
1050 Tom Pouilly RB 10 0 (0) 2024-2025
0%
727 Tony Mauricio RW 26 0 (4) 2020-2021
0%
1238 Tony Strata RB 3 0 (0) 2022-2023
0%
1235 Trévis Dago ST 4 0 (1) 2023-2024
0%
563 Tristan Dingomé CM 34 2 (5) 2020-2023
0%
1251 Tyrone Tormin CF 3 0 (0) 2020-2021
0%
1083 Ümit Akdağ CB 9 0 (0) 2024-2025
0%
1175 Umut Bozok ST 5 0 (0) 2020-2021
0%
1063 Uri Busquets DM 9 0 (0) 2021-2022
0%
350 Valentin Atangana CM 56 1 (0) 2022-2025
0%
1249 Valentin Rosier RB 3 0 (0) 2023-2024
0%
530 Valon Berisha LM 37 0 (4) 2020-2022
0%
749 Veljko Birmancevic LW 25 0 (1) 2022-2023
0%
726 Victorien Angban CM 26 0 (1) 2020-2021
0%
1200 Victor Orakpo ST 4 0 (0) 2024-2025
0%
619 Vincent Marchetti CM 31 0 (3) 2022-2023
0%
476 Vincent Pajot DM 42 1 (0) 2020-2022
0%
566 Vital Nsimba LB 34 1 (4) 2021-2022
0%
661 Vito Mannone GK 29 0 (0) 2020-2021, 2022-2024
0%
843 Waniss Taïbi CM 20 0 (1) 2020-2023
0%
768 Warren Tchimbembé DM 24 0 (0) 2020-2022
0%
743 Wesley Lautoa CB 25 0 (0) 2020-2021
0%
1313 Wilfried Kanga ST 2 0 (0) 2020-2021
0%
1088 Wilfried Ndollo Bille RB 8 0 (0) 2024-2025
0%
1201 Wilfried Zaha LW 4 0 (0) 2024-2025
0%
1270 Wilitty Younoussa DM 3 0 (0) 2020-2021
0%
1077 William Mikelbrencis RB 9 0 (1) 2021-2022
0%
1214 Wilson Isidor ST 4 0 (0) 2021-2022
0%
910 Wuilker Fariñez GK 16 0 (0) 2020-2022
0%
760 Wylan Cyprien CM 24 2 (3) 2021-2022
0%
1026 Xherdan Shaqiri AM 11 2 (3) 2021-2022
0%
1280 Yaël Nandjou LB 3 0 (0) 2024-2025
0%
889 Yanis Begraoui ST 17 0 (0) 2022-2024
0%
1102 Yanis Cimignani LM 8 0 (0) 2022-2023
0%
1277 Yanis Guermouche ST 3 0 (0) 2021-2022
0%
1172 Yanis Issoufou ST 5 0 (0) 2023-2025
0%
1159 Yanis Lhéry LW 6 0 (0) 2020-2022
0%
1169 Yanis Massolin AM 6 0 (0) 2022-2023
0%
427 Yannick Cahuzac DM 47 1 (0) 2020-2022
0%
647 Yan Valery RB 30 0 (0) 2022-2023
0%
480 Yasser Larouci LB 42 1 (2) 2021-2023
0%
780 Yassine Benrahou AM 23 0 (0) 2020-2021
0%
1113 Yassine Benzia AM 7 2 (0) 2020-2021
0%
1375 Yassin Fortuné ST 1 0 (0) 2020-2021
0%
522 Yoane Wissa ST 38 10 (5) 2020-2021
0%
793 Yoann Cathline LW 23 1 (1) 2022-2023
0%
1374 Yoann Etienne LB 1 0 (0) 2020-2021
0%
512 Yoann Touzghar ST 39 4 (0) 2021-2023
0%
1184 Yoël Armougom LB 5 0 (0) 2023-2024
0%
1286 Younes Lachaab LW 2 0 (0) 2024-2025
0%
977 Youssef Maziz AM 13 1 (0) 2020-2021, 2023-2024
0%
1015 Youssoufa Moukoko ST 11 2 (2) 2024-2025
0%
724 Youssouf M'Changama CM 26 0 (1) 2022-2023
0%
1075 Youssouph Badji ST 9 0 (0) 2021-2022
0%
1262 Yuito Suzuki AM 3 1 (0) 2022-2023
0%
1302 Zabi CM 2 0 (0) 2024-2025
0%
No matching quizzes found
Score Distribution
Percent of People with Each Score
Percentile by Number Answered
Your Score History
You have not taken this quiz